{"text_format":"3","workbook":"xlsb","n_sheets":2,"sheets":["zamówienia","Arkusz1"],"read":"bin_skipped_in_rows","date_system":"1900","formulas":"cached_only","passed_over":{"ids":[37,38,1024],"n":0}}

{"sheet":"zamówienia","index":0,"n_rows":173,"n_cols":12,"rows_kept":173,"merged":[[0,1,0,2],[0,8,0,10]],"read":"bin_skipped_in_rows","flags":["formulas_cached_only","records_skipped"],"rows_in_doubt":{"n":0,"rows":[]},"rows_in_doubt_other":14}
[null,"WARTOŚĆ SZACUNKOWA ",{"$nulls":6},"Zał. nr 1."]
[null,"Nazwa przedmiotu","Opis przedmiotu zamówienia","Rozmiar","J.m.","Ilość","Cena jed. Netto","Wartość Netto","Cena jed. Brutto","Wartość Brutto"]
[1,"buty do gry w badmintona","Buty do gry w badmintona powinny być lekkie i wykonane z dobrych materjałów, oddychające z materiałem siatkowym na cholewce.Buty o parametrach nie gorszych niż Babolat Shadow Team M 2020","46 wkladka 29,5","para",1,{"v":250,"d":"250.00"},{"v":250,"d":"250.00"},{"v":307.5,"d":"307.50"},{"v":307.5,"d":"307.50"},"BOchB 5718"]
[2,"kompas do biegów na orientację","Przezroczysty kompas kciukowy do biegów na orientację, ma mieć  specjalny kształt który  pozwala na lepszy kontakt między kciukiem a mapą. Ma posiadać grubą  podstawę zapewania wytrzymałość, szybko nastawiająca się igła NOR, gumowe nóżki. Kolorowe oznakowanie systemu SPECTRA ustawia szybką nawigację. Produkt nie gorzy o parametrach niż, SILWA NOR SPECTRA LEFT.kompas do biegow na orientację.",null,"szt.",4,{"v":189,"d":"189.00"},{"v":756,"d":"756.00"},232.47,929.88,"BOchB 5718"]
[3,"buty do gry w koszykówkę","Buty do gry w kosza powinny być wykomnane z siateczki syntetycznej zapewiają lekkość oraz przewiewność na każdym kroku a poduszka powietrzna ma tworzyć poczucie komfortu poprzez stabilizację przy twardych lądowaniach. Specjalnie zaprojektowana gumowa podeszwa ma pozwalić  nam korzystać z tego modelu na hali. Produkt nie gorszy niż NIKE AIR PRECISION III","1x42 ,   1x43,    1x45,   2x46,    1x48","para",6,{"v":239,"d":"239.00"},{"v":1434,"d":"1434.00"},{"v":293.96999999999997,"d":"293.97"},1763.82,"BOchB 5718"]
[4,"ochraniacze na goleń do piłki nożnej","Ochraniacze piłkarskie  mieć maksymalną ochronę, wysciółka ma być  wykonana  z pianki EVA dla optymalnego komfortu i trwałej amortyzacji. Zapięcie regulowane jest na pasek z rzepem, ochraniacz idealnie dopasowuje się do nogi. Produkt nie gorszy niż Adidas Ghost Reflex AP 7057","L","szt.",6,{"v":29,"d":"29.00"},{"v":174,"d":"174.00"},35.67,214.02]
[5,"buty trekkingowe the north face","Buty trekkingowe powinny być wykonane i wyposażone  w wodoodporną cholewkę gore-tex , oraz wyposażone  w membranę co sprawia ,że stopy są suche,podeszwa jest wysoka wspatra systemem , która zapewnia dobrą przyczepność,Buty trekkingowe nie gorsze niż firmy The North Face Hedgehog Hike II Mid Wp -black","1x43, ( 27,5 cm),          1x43(27cm),  1x43 (28 cm)","para",3,{"v":479,"d":"479.00"},{"v":1437,"d":"1437.00"},589.17,1767.51,"BOchB 5718"]
[6,"Ławeczka gimnastyczna","Ławeczka gimnastyczna ma być wykonana z drewna iglastego  z nogami drewnianymi lub posiadającymi stopki  z gumy niebrudzącej podłoża. Wszystkie krawędzie płyty, belki oraz nóg zaokrąglone. Dodatkowo mają posiadać zaczep umożliwiający zawieszenie na drabinki lub skrzynię gimnastyczną. Mają spełniać wymagania normy PN-N-97063.","300x30x22 cm \n(dł.x wys. x szer.)","szt.",10,463,{"v":4630,"d":"4630.00"},569.49,{"v":5694.9,"d":"5694.90"},"CPSP"]
[7,"Tyczka slalomowa z podstawą gumową","Tyczka slalomowa z podstawa gumową. Wykonana                             z tworzywa sztucznego. Zakończona zaślepką. Postawa  o wadze ok. 1 kg, uniemożliwiająca przewrócenie się tyczki na wietrze.","150 cm","kpl.",9,22,{"v":198,"d":"198.00"},27.06,243.54,"CPSP 10"]
[8,"Piłka lekarska gumowa 5kg","Piiłka lekarska wykonana z tworzywa sztucznego                                    o zwiększonej przyczepności. .","5 kg \n(śr. 23 cm)","szt.",5,56,{"v":280,"d":"280.00"},68.88,{"v":344.4,"d":"344.40"},"CPSP 4"]
[9,"Piłka lekarska gumowa 10 kg","Piiłka lekarska wykonana z tworzywa sztucznego                                   o zwiększonej przyczepności. ","10 kg \n(śr. 28 cm)","szt.",5,81,{"v":405,"d":"405.00"},99.63,498.15,"CPSP 4"]
[10,"Piłka lekarska gumowa 8 kg","Piiłka lekarska wykonana z tworzywa sztucznego                                 o zwiększonej przyczepności. ","15 kg \n(śr. 28 cm)","szt.",5,130,{"v":650,"d":"650.00"},{"v":159.9,"d":"159.90"},{"v":799.5,"d":"799.50"},"CPSP 4"]
[11,"Słupki                      do badmintona","Słupki do badmintona turniejowe przejezdne z obciążeniem 30 kg. Słupek powinien być  wykonany z profilu stalowego 40x40x2 mm. Tylne obciążenie z płaskownika stalowego 150x60 mm o łącznej masie 30 kg. Koła fi 100, łożyskowane z bieżnią poliuretanową. Produkt równoważny lub o parametrach nie gorszych niż MTB GROUP.",null,"kpl.",2,950,{"v":1900,"d":"1900.00"},{"v":1168.5,"d":"1168.50"},{"v":2337,"d":"2337.00"},"CPSP"]
[12,"Siatka do badmintona","Siatka turniejowa do badmintona biała. Taśma wykonana z poliestru. Produkt równoważny lub o parametrach nie gorszych niż MTB GROUP.",null,"kpl.",2,80,{"v":160,"d":"160.00"},{"v":98.4,"d":"98.40"},{"v":196.8,"d":"196.80"},"CPSP"]
[13,"Rakieta do badmintona","Rakieta do badmintona z równoważeniem na głowie                         i grafitowym wałem. Produkt równoważny lub o parametrach nie gorszych niż  Wilson Attacker.","66,2 cm","szt.",2,142,{"v":284,"d":"284.00"},174.66,349.32,"CPSP"]
[14,"Lotki do badmintona ","Lotka do badmintona wykonana z  tworzywa sztucznego. Komplet min. 12 szt. Produkt równoważny lub o parametrach nie gorszych niż  FZ FORZA VIP.",null,"kpl.",3,81,{"v":243,"d":"243.00"},99.63,298.89,"CPSP"]
[15," kije do unihokeja"," kije  do unihokeja o dł. 96 cm w kolorze biało-niebieskim. Produkt równoważny lub o parametrach nie gorszych niż  Unihoc Sniper.","9 lewych        3 prawe","szt.",12,85,{"v":1020,"d":"1020.00"},104.55,{"v":1254.6,"d":"1254.60"},"CPSP"]
[16,"Bramka meczowa do unihokeja","Bramka meczowa do unihokeja z ramą wykonaną ze stali  i siatką nylonową.  Dodatkowo wyposażona w łapacz. Rozmiar oczka siatki 45x45 mm.","160x115 cm (szer. x wys.)","szt.",2,406,{"v":812,"d":"812.00"},499.38,998.76,"CPSP"]
[17,"Piłka do unihokeja","Piłka do unihokeja posiadająca 26 otworów o średnicy 10 mm.","śr. 72 mm","szt.",30,4.1,{"v":122.99999999999999,"d":"123.00"},{"v":5.042999999999999,"d":"5.04"},151.29,"CPSP"]
[18,"Skrzynia gimnastyczna ","Skrzynia gimnastyczna pięcioczęściowa drewniana. Wieko skrzyni ma być  pokryte solidną skórą. Dodatkowo wyposażona w wózek transportowy.","133x102x 73 cm (dł. x wys. x szer.)","szt.",1,{"v":1177,"d":"1177.00"},{"v":1177,"d":"1177.00"},1447.71,1447.71,"CPSP"]
[19,"Gwizdek sędziowski","Gwizdek dla sędziego, trenera i instruktora wychowania fizycznego. Gwizdek który ma nieposiadać kulki, ma mieć natomiast wewnątrz kanaliki, dzięki którym dźwięk jest bardzo donośny.  Głośność: do 109 decybeli. W komplecie nowoczesny, bezpieczny sznurek na szyję. Produkt równoważny lub o parametrach nie gorszych niż gwizdek FOX40 Mini ze sznurkiem.",null,"szt.",3,36.18,{"v":108.53999999999999,"d":"108.54"},{"v":44.5014,"d":"44.50"},{"v":133.5042,"d":"133.50"},"JW5721\n73 blp"]
[20,"Przyrząd do mierzenia odległości","Taśma miernicza zwijana 50 m przeznaczona do pomiarów dużych odległości w terenie otwartym jak i pomieszczeniach zamkniętych. Tasma ma być wykonana z włókna szklanego, charakteryzującego się dużą wytrzymałością oraz odpornością na ścieranie. Dolna część obudowy miary zakończonama być  grotem umożliwiącym wbicie miary w ziemię i dokonanie pomiaru przez jedną osobę. Taśma wyposażona w wygodną korbę do zwijania. Jednostka pomiaru: cm.Produkt równoważny lub o parametrach nie gorszych niż Proline taśma miernicza z włókna szklanego 50m (20325)",null,"szt.",1,54.47,54.47,{"v":66.9981,"d":"67.00"},{"v":66.9981,"d":"67.00"},"JW5721\n73 blp"]
[21,"Stoper elektroniczny ","Stoper elektroniczny do mierzenia i zapamiętywania czasów. Stoper mierzący z dokładnością do 1/100 sekundy. Posiadający duży, trzywierszowy wyświetlacz pokazujący czas całkowity oraz czas pośredni lub międzyczas, które mogą być mierzone niezależnie od siebie.Stoper odporny na wstrząsy.  Produkt równoważny lub o parametrach nie gorszych niż stoper elektroniczny 60 czasowy Meteor 38071",null,"szt.",2,67.89,135.78,{"v":83.5047,"d":"83.50"},{"v":167.0094,"d":"167.01"},"JW5721\n73 blp"]
[22,"Atrapa pistoletu z gumy","Gumowa atrapa pistoletu do treningu walki wręcz. Atrapa wykonana ma być  w całości z gumy, nie posiadająca ostrych krawędzi. Wewnątrz stalowe wzmocnienie dzięki czemu zachowana jest masa zbliżona do oryginału.Ma posiadać  stalowe wzmocnienie powoduje brak wyginania się atrapy podczas treningu. \nProdukt równoważny lub o parametrach nie gorszych niż gumowa atrapa pistoletu P-83 marki KOLTER.",null,"szt.",10,28.46,{"v":284.6,"d":"284.60"},{"v":35.0058,"d":"35.01"},{"v":350.05800000000005,"d":"350.06"},"JW5721\n73 blp"]
[23,"Atrapa karabinka z gumy ","Gumowa atrapa karabinka do treningu walki wręcz. Wersja z atrapą bagnetu. Atrapa ma być  wykonana w całości z gumy, nie posiadająca ostrych krawędzi. Wewnątrz stalowe wzmocnienie dzięki czemu zachowana jest masa zbliżona do oryginału. Ma posiadać stalowe wzmocnienie powoduje brak wyginania się atrap.\nProdukt równoważny lub o parametrach nie gorszych niż gumowa atrapa karabinka AK47 marki KOLTER.\n",null,"szt.",10,136.59,{"v":1365.9,"d":"1365.90"},{"v":168.0057,"d":"168.01"},{"v":1680.057,"d":"1680.06"},"JW5721\n73 blp"]
[24,"Atrapa noża z gumy ","Nóż do treningu walki wręcz. Ma być  wykonany z wytrzymałej gumy. Atrapa noża wojskowego. Nie posiadająca ostrych krawędzi. \nProdukt równoważny lub o parametrach nie gorszych niż atrapa gumowa noża typ 4  ARTBRON.\n",null,"szt.",10,16.26,{"v":162.60000000000002,"d":"162.60"},{"v":19.9998,"d":"20.00"},{"v":199.99800000000002,"d":"200.00"},"JW5721\n73 blp"]
[25,"Numery startowe ","Plastrony (koszulki startowe) z nadrukiem od 1 do 20 jako numery na zawody sportowe, jako oznaczniki. Plastron ma  być wykonany z wysokiej jakości elastycznych tkanin, co zapewnia wygodę noszenia i odporność na warunki atmosferyczne. \n","L - 10 szt.\nXL - 10 szt.","szt.",20,{"v":12.2,"d":"12.20"},{"v":244,"d":"244.00"},{"v":15.005999999999998,"d":"15.01"},300.12,"JW5721\n73 blp"]
[26,"Buty do biegania\n","Byty powinny mieć dużą amortyzację, powinny  posiadać system wkładek silikonowych umieszczonych pod piętą i śródstopiem mające na celu zamortyzowanie sił działających podczas biegu, wkładka na całej długości podeszwy która ma  zapewniać bardziej sprawny chód nawet przy dużym zmęczeniu. Innowacyjny (system sznurowania), (system przelotek do sznurowadeł) znacznie redukują ryzyko obtarć i podrażnienia skóry, a także zwiększają poziom dopasowania buta do stopy. Specjalny rodzaj pianki, zastosowanej w rejonie wykończenia cholewki przy pięcie, zapewniać wysoki komfort i dopasowanie obuwia. Technologiczne rozwiązanie konstrukcji buta, które pozwoli stopie sportowca na naturalne ruchy w trakcie poszczególnych faz kroku oraz stanowi wsparcie dla podbicia stopy. Produkt równoważny lub o parametrach nie gorszych niż NIKE Pegasus 36 Trial.","42/26 x1   \n43/27 x1  \n45/29 x3      ","para",5,{"v":350,"d":"350.00"},{"v":1750,"d":"1750.00"},{"v":430.5,"d":"430.50"},{"v":2152.5,"d":"2152.50"},"JW. 3411 Lębork"]
[27,"Koszulka sportowa"," Koszulka do biegania z krótkimi rękawkami. Powinna być niezwyke komfortową koszulką która zapewnia wspaniałą gospodarkę wilgoci. Świetnie odprowadza wilgoć od ciała na zewnątrz. Wykonana w całości z poliestru posiadać płaskie szwy które nie powodują podrażnień. Niezwykle ciekawy wzór oraz intensywny kolor czynić tę koszulkę niezwykle atrakcyjną. Posiadać dopasowany krój oraz odblaskowe elementy. Produkt równoważny lub o parametrach nie gorszych niż NIKE PRO COOL KOMPRESSION LONGGSLEEVE.","M x2              L x2              XL x3     ","szt.",7,{"v":99,"d":"99.00"},{"v":693,"d":"693.00"},121.77,852.39,"JW. 3411 Lębork"]
[28,"Spodenki sportowe","Szorty powinny być dopasowane do sylwetki z rozmiarówką. Lekka elastyczna tkanina z właściwościami doskonałej gospodarki wilgocią dla komfortu i ulepszania osiągów. Powinny posiadać elastyczny pas z tunelem ze sznurkiem do regulacji dla dopasowania do sylwetki. Tylna kieszeń zapinana na suwak. Produkt równoważny lub o parametrach nie gorszych niż NIKE FLEX-2-IN-1.","M x2               L x2              XL x3","szt.",7,{"v":85,"d":"85.00"},{"v":595,"d":"595.00"},104.55,731.85,"JW. 3411 Lębork"]
[29,"Obuwie sportowe do siatkówki","Buty siatkarski za kostkę. Obuwie powinno posiadać: na całej długości buta – łączącą amortyzację i stabilność, potrójną warstwę siatki zapewniającą oddychalność, - powinien posiadać konstrukcję nadającą i zwiększającą elastyczność buta, system wentylacji, który powinien być umieszczony na całej długości podeszwy, odprowadzając ciepło i wilgoć gromadzoną wewnątrz buta. Produkt równoważny lub o parametrach nie gorszych niż ASICS Volley Elite FF MT.","44,5/28,5 x1       45/29 x2","para",3,{"v":285,"d":"285.00"},{"v":855,"d":"855.00"},350.55,1051.65,"JW. 3411 Lębork"]
[30,"Dres","Bluza powinna posiadać: dół ze ściągaczem, podszewkę z wewnętrznym kołnierzem, kontrastujące wstawki, zamek z listwą maskującą. Spodnie w kolorze granatowym powinny posiadać:  elastyczny pas ze ściągaczem, suwak na dole nogawek, kieszenie z przodu, haftowane logo firmy na nogawce, podszytą siateczkę. Materiał powinien być cienki i szybkoschnący - 100% poliester. Produkt równoważny lub o parametrach nie gorszych NIKE ACADEMY 16 BLUE.","XL x 1   ","komplet",1,{"v":163,"d":"163.00"},{"v":163,"d":"163.00"},200.49,200.49,"JW. 3411 Lębork"]
[31,"Obuwie sportowe do biegania (męskie)","Buty powinny zapewniać stopom możliwie najlepszą amortyzację podczas ruchu, zawierać w przedniej i tylnej części buta technologię amortyzujacą  gwarantującą najwyższy poziom absorpcji wstrząsów nawet na długich dystansach. Następna cecha to  jest trwałość. Nie traci swoich właściwości nawet pod wpływem zmieniającej się temperatury otoczenia, pomaga zachować naturalny, a zarazem efektywny chód, szczególnie na długich dystansach. Stabilność podczas ruchu w miarę pokonywania kolejnych kilometrów. Buty powinny być z gumy zastosowanej w strategicznych miejscach na podeszwie sprawiając, że wolniej będzie się ona zużywała. Wnętrze buta powinno być odpowiednio wentylowane, zapewniając odpowiedni komfort stopom. Produkt równoważny lub o parametrach nie gorszych niż BUTY DO BIEGANIA ASICS GEL CUMULUS 21","1 x 26,5 cm /42EU          4 x 27 cm/ 42,5 EU       1 x 27,5 cm /43,5 EU      6 x 28,5 cm /45 EU         1 x 29 cm /46 EU     ","para",13,{"v":354,"d":"354.00"},{"v":4602,"d":"4602.00"},435.42,5660.46,"JW 3775"]
[32,"Koszulka sportowa do piłki nożnej","Materiał powinien zawierać ok100% poliester,odporny  na rozciąganie (szarpnięcia) często występujące podczas gry w piłkę nożną. Dominujący kolor biały            z domieszką czarnego. Na piersi po stronie przeciwnej  logo firmy produkującej koszulkę - logo 34 batalionu radiotechnicznego.Produkt równoważny lub o parametrach nie gorszych niż  ADIDAS ESTRO 19 "," M x 4,       L x 6,         XL x 5     XXL x 3.","szt.",18,{"v":45,"d":"45.00"},{"v":810,"d":"810.00"},55.35,{"v":996.3,"d":"996.30"},"JW 3775"]
[33,"Spodenki sportowe do piłki nożnej","Materiał powinien zawierać ok100% poliester,odporny na rozciąganie (szarpnięcia) często występujące podczas gry w piłkę nożną.Kolor dominujący czarny.Produkt równoważny lub o parametrach nie gorszych niż ADIDAS ESTRO 19 ","M x 4,        L x 6,        XL x 5,      XXL x 3.","szt.",18,{"v":30,"d":"30.00"},{"v":540,"d":"540.00"},{"v":36.9,"d":"36.90"},{"v":664.2,"d":"664.20"},"JW 3775"]
[34,"Koszulka sportowa do BNO","Koszulka powinna być typu polo z kołnierzykiem (ok. 4 guziki). Materiał powinien zawierać ok. 100 % bawełny. Powinna być przewiewna i nie krepująca ruchów. Dominujący kolor biały. Na piersi po przeciwnej stronie do loga firmy - logo 34 batalionu radiotechnicznego. Produkt równoważny lub o parametrach nie gorszych niż 4F Koszulka MĘSKA POLO L20 TSM007 ","M x 5,        L x 5,         XL x 5 ,","szt.",15,{"v":68,"d":"68.00"},{"v":1020,"d":"1020.00"},83.64,{"v":1254.6,"d":"1254.60"},"JW 3775"]
[35,"Obuwie specjalistyczne do BNO (damskie)","Buty powinny zawierać parametry super trakcji i lekkości. Podeszwa wykonana być z bardzo przyczepnej mieszanki gumy zbliżonej parametrami do obuwia wspinaczkowego. Bieżnik powinien przypominać oponę przeznaczoną na głębokie błoto. Powyżej powinna znajdować się niewielka warstwa pianki EVA. Dolna część cholewki powinna stabilizować nogę i chronić przed uderzeniami w palce czy bok stopy. Powinna być wodoodporna (do wysokości ok. 4cm). Produkt równoważny lub o parametrach nie gorszych niż Buty inov-8 x-talon 212 classic. Dominujący kolor koralowo-czarny.","Rozmiar 42","para",1,{"v":405,"d":"405.00"},{"v":405,"d":"405.00"},498.15,498.15,"JW 3775"]
[36,"Obuwie sportowe do biegania (męskie)","Powinny zawierać cechy:                                       Cholewka\ntechniczna, przewiewna, bezszwowa siateczka, doskonałe dopasowanie odchudzony design, komfort noszenia, smukły wygląd \nPodeszwa środkowa:\n kontrola zderzenia i ukierunkowanie przetoczenia amortyzacja lekkiej, sprężystej pianki , poduszka gazowa Zoom Air na całej długości\nPodeszwa zewnętrzna:\npowinna być o zwiększonej amortyzacji i przyczepności\nzaprojektowana na twarde nawierzchnie typu asfalt\nCrashrail, wytrzymała guma, płynne przetoczenie\nProdukt równoważny lub o parametrach nie gorszych niż BUTY DO BIEGANIANIKE AIR ZOOM PEGASUS 36 M Dominujący kolor - SZARO-BŁĘKITNE.\n\n\n","1 x 26,5 cm /42   ","para",1,{"v":381,"d":"381.00"},{"v":381,"d":"381.00"},468.63,468.63,"JW 3775"]
[37,"Obuwie sportowe do biegania (damskie)","Buty powinny zawierać cechy:                                        Cholewka\nprzewiewna siateczka, świetna wentylacja wnętrza\nposzerzony przód, więcej miejsca w palcach\nwzmocnienia struktury, pewne trzymanie\nPodeszwa środkowa\nskuteczna amortyzacja i sprężystość pianki, pochłanianie wstrząsów\nPodeszwa zewnętrzna\nwytrzymała na ścieranie, przyczepna guma\nzestaw głębokich, agresywnych kołków\nstworzona na urozmaicony teren\nProdukt równoważny lub o parametrach nie gorszych niż BUTY DO BIEGANIANIKE NIKE AIR ZOOM PEGASUS 36 TRAIL W. Dominujący kolor - fiolet.","1 x 25,5 cm /40    ","para",1,{"v":305,"d":"305.00"},{"v":305,"d":"305.00"},375.15,375.15,"JW 3775"]
[38,"Obuwie specjalistyczne do BNO (męskie)","Konstrukcja buta powinna zawierać:\nPodeszwa powinna posiadać  przyczepności na błotnistym czy kamienistym terenie do tego 3 mm drop i szersze kopyto z wkładką TPU Adapter zapewniając stopie wygodę i bezpieczeństwo, cholewka wykonana z balistycznego nylonu zapewnia jej trwałość i żywotność mimo intensywnego użytkowania. Dwuczęściowy wypukły język dopasowuje się do górnej części stopy, rozkładając nacisk i zapewniając ochronę przed brudem i zanieczyszczeniami.\n but powinien zawierać:\n8mm kołki i podeszwę  z miękkiej gumy   po to aby bez kompleksów pokonywać najtrudniejsze podłoże, czy to mokre skały czy błoto, możemy mieć pewność że but będzie przyczepny i pozwoli szybko pokonać każdą napotkaną przeszkodę.\nProdukt równoważny lub o parametrach nie gorszych niż BUTY INOV-8 X-TALON 255 Dominujący kolor NIEBIESKO-ZIELONY.         \n ","1 x 26,5 cm /42EU          1 x 27 cm /42,5EU ","para",2,{"v":430,"d":"430.00"},{"v":860,"d":"860.00"},{"v":528.9,"d":"528.90"},{"v":1057.8,"d":"1057.80"},"JW 3775"]
[39,"Skrzynia plyometryczna 50x60x75.","Skrzynia powinna być wykonana z mocnej sklejki drewnianej o grubości ok 1,5 cm. Posiadająca rozmiary 50x60x75 cm. Powinna dać się ustawić na dowolnym boku, co umożliwia wykonywanie różnej wysokości wyskoków i zeskoków. Wycięty w ścianie skrzyni otwór ułatwia jej przenoszenie. \nDzięki skrzyni plyometrycznej możemy wykonywać różne rodzaje ćwiczeń skocznościowych, ważnych dla wielu dyscyplin: lekkoatletyki, sportów walki czy bieganiu. Produkt równoważny lub o parametrach nie gorszych niż Skrzynia plyometryczna Tiguar Training Box.","50x60x75","szt.",1,{"v":390,"d":"390.00"},{"v":390,"d":"390.00"},{"v":479.7,"d":"479.70"},{"v":479.7,"d":"479.70"},"JW 3775"]
[40,"Piłka nożna.","Przeznaczona do gry na trawie lub \"Orliku\". Powinna posiadać materiały o ok. 100 % syntetyczności i elastyczności. Powinna zawierać certyfikat jakości FIFA. Produkt równoważny lub o parametrach nie gorszych niż PIŁKA NOŻNA ADIDAS UNIFORIA TRAINING EURO 2020 r 5",5,"szt.",4,{"v":50,"d":"50.00"},{"v":200,"d":"200.00"},{"v":61.5,"d":"61.50"},{"v":246,"d":"246.00"},"JW 3775"]
[41,"Piłka futsalowa.","Powinna zawierać model piłki nożnej z niskim odbiciem, której głównym zastosowaniem jest gra na hali. Dominujące wykonananie, topoliuretan. Piłka powinna być ręcznie szyta ,panelowa , stworzona z kilku warstw materiału. Bardzo wytrzymała i odporna na uszkodzenia mechaniczne różnego rodzaju. Produkt równoważny lub o parametrach nie gorszych niż PIŁKA NOŻNA SELECT FUTSAL MIMAS #4\n\n \n",4,"szt.",5,{"v":68,"d":"68.00"},{"v":340,"d":"340.00"},83.64,{"v":418.2,"d":"418.20"},"JW 3775"]
[42,"Torba/siatka na piłki","Torba powinna być na piłki do różnych dyscyplin sportowych. Dominujący materiał wykonania: nylon.\nPowinna być zaprojektowana z myślą o trwałości, wyposażona ściągacz i wygodny pasek na ramię ułatwiający przenoszenie.\nSiatka przeznaczona na około 12 piłek.\nProdukt równoważny lub o parametrach nie gorszych niż marki Molten model FBL.",null,"szt.",2,{"v":102,"d":"102.00"},{"v":204,"d":"204.00"},125.46,250.92,"JW 3775"]
[43,"Taśmy do ćwiczeń TRX","Powinny zawierać cechy uniwersalnego przyrządu wzmacniającego mięśnie, wykorzystującym swój własny ciężar ciała. Taśm powinno łatwo się zamocować na drzwiach, drzewie jak i dowolnym punkcie podparcia. Końce taśm powinny być wyposażone w miękkie uchwyty do rąk lub stóp. Ponadto powinny zawierać cechy:     \nmaksymalna długość: ok 247 cm\nminimalna długość: ok 145 cm\nśrednica uchwytów: ok 3,5 cm\ndługość uchwytów: ok 13 cm\nwaga: ok 850 g\nładowność: ok150 kg                                           Dominujący kolor; żółty.\nProdukt równoważny lub o parametrach nie gorszych niż marki Molten model FBL.inSPORTline, Taśmy do ćwiczeń, MultiTrainer.",null,"szt.",2,{"v":195,"d":"195.00"},{"v":390,"d":"390.00"},239.85,{"v":479.7,"d":"479.70"},"JW 3775"]
[44,"Przyrząd do pomiaru odległości.","Powinno zawierać takie cechy jak : kółko do pomiaru długich odległości, ze składaną rączką. Na dole kółka przyrząd pomiarowy do ok. 9999 metra. Zastosowanie: mierzenie odległości do biegów krótkich, długich, biegów przełajowych (wyznaczania tras na zawodach sportowych).Produkt równoważny lub o parametrach nie gorszych niż marki MANUTAN.",null,"szt.",1,{"v":152.9,"d":"152.90"},{"v":152.9,"d":"152.90"},{"v":188.067,"d":"188.07"},{"v":188.067,"d":"188.07"},"JW 3775"]
[45,"Piłka do siatkówki.","Piłka powinna posiadać cechy piłki meczowej. Jej głównym i zasadniczym przeznaczeniem jest gra na zamkniętej hali sportowej.W zależności od ciśnienia, masa powinna  wynosić ok.. 260-280 gramów, z wysokiej jakości tworzywa sztucznego, które łączy w sobie wysoką jakość, znakomite właściwości podczas gry oraz świetną przyczepność. Produkt równoważny lub o parametrach nie gorszych niż PIŁKA DO SIATKÓWKI MIKASA V300W",null,"szt.",5,{"v":178,"d":"178.00"},{"v":890,"d":"890.00"},218.94,{"v":1094.7,"d":"1094.70"},"JW 3775"]
[46,"Piłki do koszykówki.","Piłka do koszykówki powinna posiadać ok.12 paneli wykonana z wysokiej jakości gumy poliuretanowej, nylonowe spojenia, butylowa dętka.Produkt równoważny lub o parametrach nie gorszych niż PIŁKA DO KOSZYKÓWKI MOLTEN BGF6X-X ",6,"szt.",2,{"v":125,"d":"125.00"},{"v":250,"d":"250.00"},153.75,{"v":307.5,"d":"307.50"},"JW 3775"]
[47,"Okładzina do tenisa stołowego.","Okładzina powinna zawierać parametry: tempo ok. 114,rotacja ok. 118,kontrola ok. 88. Dominujący kolor czerwony.Produkt równoważny lub o parametrach nie gorszych niż Okładzina Xiom Vega X","Podkład grubości 2,0","szt.",1,{"v":105,"d":"105.00"},{"v":105,"d":"105.00"},129.15,129.15,"JW 3775"]
[48,"Okładzina do tenisa stołowego.","Okładzina powinna zawierać parametry: tempo ok. 107,rotacja ok. 80,kontrola ok. 72. Dominujący kolor czarny.Produkt równoważny lub o parametrach nie gorszych niż Okładzina Speedy Soft XD D.TecS","Podkład grubości 1,8","szt.",1,{"v":128,"d":"128.00"},{"v":128,"d":"128.00"},157.44,157.44,"JW 3775"]
[49,"Gumy do ćwiczeń - rozciągania.","Powinny być o podwyższonych parametrach wytrzymałościowych - OPÓR  ok 39-105 KG. Powinny posiadać wysokiej jakości gumę lateksową, odporne na rozerwania oraz nie tracą swoich właściwości podczas intensywnych treningów.Produkt równoważny lub o parametrach nie gorszych niż  GUMA TRENINGOWA DBX BUSHIDO -  POWER BAND83",null,"szt.",2,{"v":100,"d":"100.00"},{"v":200,"d":"200.00"},{"v":123,"d":"123.00"},{"v":246,"d":"246.00"},"JW 3775"]
[50,"Dres reprezentacyjny sportowy","Dres reprezentacyjny powinien posiadać napis na plecach, 10 cm poniżej kołnierzyka 7 BOW SŁUPSK. Litery wielkości 4 cm. Składający z bluzy i spodni do powszechnego wykorzystania .Produkt ma być wykonany z wysokiej jakości materiałów (100% poliester) z wykorzystaniem technologii która ma odprowadzać pot z powierzchni ciała, zapewniając przewiewność i suchość.Bluza powinna posiadać  kaptur , dwie kieszenie po bokach zapinane na zamek błyskawiczny . Zapinanie bluzy na całej długości na zanek błyskawiczny,Wskazania kolorystyka bluzy dominujący jasno niebieski z białą wstawką w około kaptura o szerokości 1 cm . Spodnie  powinny posiadać proste nogawki ze ściągaczami u dołu.Szeroki ściągacz w pasie z wewnetrznym sznurkiem regululującym obwód pasa . Dwie boczne kieszenie zapinane na zamek . Wskazanie kolorystyka spodni granatowy. Produkt równoważny lub o parametrach nie gorszych niż dres Adidas CONDIVO 16 DRES REPREZENTACYJNY                ","XL -   5kpl,                         L   -   5kpl,                       M  -   5 kpl.                    S  -    5 kpl.","szt.",20,{"v":243.90243902439025,"d":"243.90"},{"v":4878.048780487805,"d":"4,878.05"},{"v":300,"d":"300.00"},{"v":6000,"d":"6000.00"},"7 BOW"," "]
[51,"Bielizna ","Bielizna powinna być dopasowania do ciała. minimalizująca ryzyka otarć,ma być wykonana z włókien o  właściwościach higroskopijnych które zapewnią lepszą wentylację i natychmiastowy transport wilgoci na zewnątrz,bielizna powinna posiadać właściwości antyalergiczne, antybakteryjne i ogranicza powstawanie zapachów,skład materiału około: 64% poliamid, 29% poliester, 7% elastan.Wskazana kolorystyka czarno niebieska.Produkt równoważny lub o parametrach nie gorszych niż 4F BIELIZNA Z19 BIMB002G CZARNY.                      ","XXL - 2 kpl,                  XL   - 3 kpl,","szt.",5,{"v":121.95121951219512,"d":"121.95"},{"v":609.7560975609756,"d":"609.76"},{"v":150,"d":"150.00"},{"v":750,"d":"750.00"},"7 BOW"]
[52,"Koszulka sportowa do koszykówki","Koszulka powinna być bez rekawów wykonana z lekkich i odychających materiałów 100% poliester. Wskazana kolorystyka dominujący niebieski ,wstawka- biała lamówka w około ramion i szyi o szerokosci 1cm. Koszulki powiny posiadać numeracje od 1-10 w przedniej części koszulki.Numer umieszczony na środku koszulki  8 cm poniżej kołnierzyka wielkość cyfry 10cm, w tylnej cześci koszulki 10cm poniżej kołnierzyka napis - 7 BOW SŁUPSK, wielkość liter 4 cm, poniżej napisu 3 cm numer wielkości 20 cm znajdujacy się w środkowej części koszulki. Produkt równoważny lub o parametrach nie gorszych niż koszulka meczowa MOVE SPALDING ","XL  - 5 szt.                       L    - 5 szt.","szt.",10,{"v":81.30081300813008,"d":"81.30"},{"v":813.0081300813008,"d":"813.01"},{"v":100,"d":"100.00"},{"v":1000,"d":"1000.00"},"7 BOW"]
[53,"Spodenki sportowe do koszykówki","Ze względu na specyfikacje sportu spodenki powiny być długości za kolana z lekkiego i odychającego materiału około100% poliester  wyposażone w szeroki ściągacz w pasie z wewnętrznym sznurkiem regulującym obwód pasa.Wskazana kolorystyka dominujący biały ,wstawki niebieskie w około pasa oraz zakończenie nogawek o szerokości 1 cm .Produkt równoważny lub o parametrach nie gorszych niż spodenki meczowe MOVE SPALDING.   ","XL  - 5 szt.                       L    - 5 szt","szt.",10,{"v":81.30081300813008,"d":"81.30"},{"v":813.0081300813008,"d":"813.01"},{"v":100,"d":"100.00"},{"v":1000,"d":"1000.00"},"7 BOW"]
[54,"spodenki sportowe","Spodenki powinny być wykonane z wysokiej jakości lekkich materiałów wygodne w użytkowaniu.Mają posiadać rozporek zapinany na zamek oraz zapięcie na rzep i haftkę,dwie kieszenie boczne ,regulowany sciągacz w około pasa.Wskazana kolorystyka ciemno szary.Produkt równoważny lub o parametrach nie gorszych niż  Adidas Barricade Bermu Krótkie Spodenki                                ","XL- 6","szt.",6,{"v":65.04065040650407,"d":"65.04"},{"v":390.2439024390244,"d":"390.24"},{"v":80,"d":"80.00"},{"v":480,"d":"480.00"},"7 BOW"]
[55,"Koszulka sportowa ","Koszulka sportowa powina posiadać kompresyjny krój, który dopasowuje się do ciała, zaokrąglony dekolt; profilowany dół; siateczkowe wstawki na rękawach i tylnym panelu,niepochłaniający zapachów materiał. Mieć filtr UV UPF 50+.Skład materiału z jakiego powinna być wykonana siateczka, około 78% poliester / 22% elastan; dzianina o podwójnym splocie.Wskazana kolorystyka czarny. Produkt równoważny lub o parametrach nie gorszych niż KOSZULKA ALPHASKIN SPORT Adidas   ","L  - 4                               M - 4","szt.",8,{"v":105.6910569105691,"d":"105.69"},{"v":845.5284552845528,"d":"845.53"},{"v":130,"d":"130.00"},{"v":1040,"d":"1040.00"},"7 BOW"]
[56,"Legginsy długie letnie ","Długie legginsy do biegania powiny posiadać standardowy krój ,elastyczną talie ze sznurkiem do regulacji,kieszeń na klucze,odblaskowe detale na całej powieszchni, materiał z którego powinny być wykonane  dzianina o podwójnym splocie,około 55% poliester pochodzący z recyklingu / 28% poliester / 17% elastan.Wskazana kolorystyka czarny.Produkt równoważny lub o parametrach nie gorszych niż Legginsy Adidas RUN IT 3-STRIPES TIGHTS.  ","L  - 4                               M - 4                             ","szt.",8,{"v":121.95121951219512,"d":"121.95"},{"v":975.609756097561,"d":"975.61"},{"v":150,"d":"150.00"},{"v":1200,"d":"1200.00"},"7 BOW"]
[57,"Klapki basnowe ","Klapki basenowe męskie powinny  charakteryzować się jednoczęściową budową teksturowaną wkładką i w całości być wykonane z lekiej pianki EVA. Produkt równoważny lub o parametrach nie gorszych niż klapki adidas Duramo Sliders.  ","27,5cm - 1                28,0 cm - 2                 29,5cm  - 2","par.",5,{"v":65.04065040650407,"d":"65.04"},{"v":325.20325203252037,"d":"325.20"},{"v":80,"d":"80.00"},{"v":400.00000000000006,"d":"400.00"},"7 BOW"]
[58,"Buty do biegania ","Buty powinny byc koloru niebieskiego z białymi wstawkami po zewnetrznej stronie buta  podeszwa powina być koloru biało-czarnego ,powinna posiadać 10mm spadek dla lepszego wyczucia podłoża.Maj być wyposażona w system i żelowe poduszki  dla lepszej amortyzacji oraz piankową wkładkę . Produkt równy lub nie gorszy niz :Buty męskie do biegania Asics Gel Zaraca 4 T5K3N-5093 .","27 cm - 3              27,5cm - 5                    28 cm   - 5                   28,5cm  - 3                   29 cm    - 2           29,5cm - 2","par.",20,{"v":203.2520325203252,"d":"203.25"},{"v":4065.040650406504,"d":"4,065.04"},{"v":250,"d":"250.00"},{"v":5000,"d":"5000.00"},"7 BOW"]
[59,"Buty do koszykówki","Obuwie do koszykówki ze względu na specyfikacje sportu buty powinny charakteryzować się niską wagą i doskonałom amortyzacja .Podeszwa powinna posiadać w przedniej czesci poduszki gazowe minimalizujoce siłe uderzenia , boczną amortyzacje a srodkowa część podeszwy powina być wykonana z pianki. Powinny posiadać wyprofilowany i wyściełany kołnierz chroniący kostkę. Wskazana kolorystyka Czarny/Żółty. Produkt równoważny lub o parametrach nie gorszych niż Buty Nike LeBron Witness IV.                             ","26,5cm - 1                27,5cm - 3                   28 cm  -1                  28,5 cm -1                    30 cm - 2               30,5cm - 1                 31,5 cm  - 2","par.",11,{"v":325.2032520325203,"d":"325.20"},{"v":3577.2357723577234,"d":"3,577.24"},{"v":400,"d":"400.00"},{"v":4400,"d":"4400.00"},"7 BOW"]
[60,"Buty do siatkówki","Obuwie siatkarskie ze względu na specyfikacje sportu buty powinny charakteryzować się niską wagą i doskonałą amortyzacją .Podeszwa powinna posiadać maksymalną przyczepność podczas startu i hamowania,ma być elastyczna i trwała wykonana z gumy dobrze amortyzujacej skoki.Ponadto, system amortyzujący GEL w tylnej i przedniej części stopy, ma pochłaniać wstrząsy i umożliwiać lepszy zakres ruchu.Ma posiadać stabilizację śródstopia.Materiał ma być z wentylującej tkaniny oraz zgrzanych elementów materiału syntetycznego, które zwiększają wytrzymałość w miejscach najbardziej narażonych na przetarcia. Wskazania kolorystyczne granatowo-niebieski z białymi i czerwonymi elementami.Produkt równoważny lub o parametrach nie gorszych niż Buty asics męskie NETBURNER BALLISTIC FF MT.","26,5cm  - 1                27cm   - 2                    28,5 cm  - 5                  29 cm   - 2         29,5cm  -1","par.",11,{"v":325.2032520325203,"d":"325.20"},{"v":3577.2357723577234,"d":"3,577.24"},{"v":400,"d":"400.00"},{"v":4400,"d":"4400.00"},"7 BOW"]
[61,"Obuwie sportowe letnie ","Buty trekkingowe w których cholewka powina być wykonana z mocnej tkaniny Ripstop. Wyposazone w wzmocnieniom z TPU,które wspierają konstrukcję buta i chronią stopy,powiny posiadają solidne sznurowanie ze stoperami,podeszwke środkową posiadającą piankę EVA. Podeszwa zewnętrzna powinna być wykonana w systemie Traxion z solidnej gumy. Wskazana kolorystyka czarno niebieskie.Produkt równoważny lub o parametrach nie gorszych niż BUTY MĘSKIE ADIDAS TERREX SWIFT R2  ","27,5cm - 1                28,0 cm - 3                 29,5cm   - 2","par.",6,{"v":284.5528455284553,"d":"284.55"},{"v":1707.3170731707319,"d":"1,707.32"},{"v":350,"d":"350.00"},{"v":2100,"d":"2100.00"},"7 BOW"]
[62,"Buty do tenisa ziemnego","Obuwie do tenisa ziemnego .Ze względu na specyfikacje sportu buty powinny charakteryzowac się  świetną amortyzacją, stabilizacją podeszwy oraz dopasowaniem i elastycznością.Podeszwa powinna być wykonana z materiału zapewniającego trwałosć, ma posiać system który zapewnia jak największą absorpcje wstrząsów zwłaszcza podcza fazy lądowania. Specjalnie skonstruowany język uniemożliwiający dostanie się do wnętrza buta kamyków lub mączki.But w całości wykonany z odpornej na ścieranie gumy ,oraz wzmocnione elementy gumowe na przedniej częśći podeszwy zapewniający większą trwałość i ochronę.Wskazana kolorystyka główny kolor czerwony z czarnyi wstawkami.Produkt równoważny lub o parametrach nie gorszych niż Asics Gel-Challenger 12 Clay - cherry tomato/black.","28 cm","par.",1,{"v":284.5528455284553,"d":"284.55"},{"v":284.5528455284553,"d":"284.55"},{"v":350,"d":"350.00"},{"v":350,"d":"350.00"},"7 BOW"]
[63,"koszulka sportowa","Koszulka powinna  posiadać regularny krój nie krępujący  i nie ograniczający  ruch  ,wstawki meshowe i panele wentylacyjne zapewniające swobodny przepływ powietrza, aby skóra pozostała sucha.Elastyczny materiał z której jest wykonana powinna posiadać system  pozwalający odprowadzać wilgoć i ciepło na zewnątrz ubrania.Skład około 80% poliester, 20% elastan. Wskazana kolorystyka granatowy.Produkt równoważny lub o parametrach nie gorszych niż koszulka tenisowa męska. ","XL -6                                                        ","szt. ",6,{"v":81.30081300813008,"d":"81.30"},{"v":487.80487804878044,"d":"487.80"},{"v":100,"d":"100.00"},{"v":599.9999999999999,"d":"600.00"},"7 BOW"]
[64,"Chip do Bno","Chip do bno powinien posiadać optyczny sygnał dokonania zapisu system zapamiętania danych > 20 lat;  pojemność: 128 wpisów kompatybilność: BSx7 i BSx8 z oprogramowaniem V5.49 lub wyższym. Wymiary: 70 x 17 x 8 mm. Kolorystyka dowolna. Produkt równoważny lub o parametrach nie gorszych niż CHIP SIAC SPORTIDENT .",null,"szt.",3,235.77,{"v":707.3100000000001,"d":"707.31"},{"v":290,"d":"290.00"},{"v":869.9913,"d":"869.99"},"7 BOW"]
[65,"Pompka do piłki","Pompka do piłek powina być bardzo lekka i wydajna z elastycznym wężykiem. Przeznaczona do pompowania piłek z otworem na stopę ułatwiając wygodne pompowanie .Wysokość: 50 cm.Waga: 0,5 kg. Wskazana kolorystyka szaro czarna . Produkt równoważny lub o parametrach nie gorszych niż pompka do piłek Molten AP-50 ",null,"szt.",2,{"v":56.91056910569106,"d":"56.91"},{"v":113.82113821138212,"d":"113.82"},{"v":70,"d":"70.00"},{"v":140,"d":"140.00"},"7 BOW"]
[66,"Skrzynia gimnastyczna ","Skrzynia gimnastyczna powina składać się z pięciu solidnych i stabilnych części. Segmenty mają być wykonane z wysokogatunkowej sklejki liściastej, narożniki z twardego drewna bukowego. Konstrukcja solidna i stabilna która przekłada się na maksymalne bezpieczeństwo użytkowania. Wieko skrzyni ma być pokryte elastyczną otuliną i skórą syntetyczną. Ma by odporna na wszelkiego rodzaju przetarcia czy uszkodzenia. Dodatkowo skrzynia powina być wyposażona we wbudowany wózek transportowy.\nProdukt powinien posiadać wszystkie niezbędne certyfikaty.Produkt równoważny lub o parametrach nie gorszych niż SKRZYNIA GIMNASTYCZNA 5CZ. SKAJ ,WÓZEK TRANSPORTOWY ",null,"szt.",1,{"v":1300.8130081300812,"d":"1,300.81"},{"v":1300.8130081300812,"d":"1,300.81"},{"v":1600,"d":"1,600.00"},{"v":1600,"d":"1600.00"},"7 BOW"]
[67,"Przyrząd do mierzenia odległości ","Przyrząd powinien być wyposażony w mechaniczny licznik z przyciskiem zerowania.Dystans ma być obliczany poprzez mnożenie liczby obrotów koła przez jego obwód w regulowaną długość uchwytu. Koło miernicze ma być  pokryte  okładziną gumową, która zapobiega ślizganiu się na mokrej nawierzchni podczas pomiaru i dzięki temu podnosi jego okładność.Wskazana kolorystyka szaro niebieski.Produkt równoważny lub o parametrach nie gorszych niż koło pomiarowe Bosch GWM 32 w torbie .",null,"szt.",1,{"v":211.3821138211382,"d":"211.38"},{"v":211.3821138211382,"d":"211.38"},{"v":260,"d":"260.00"},{"v":260,"d":"260.00"},"7 BOW"]
[68,"Torba sportowa","Torba sportowa powina być o pojemności minimum 70L wymiary 65 cm x 34 cm x 28 cm,wykonana z tkaniny o  splocie płóciennym, 100% poliester posiadać regulowany pasek z podkładką na ramię, dwa wyściełane uchwyty,trwały spód z TPE oraz przegrody i komora na buty w środku. Wskazana kolorystyka czarna . Produkt równoważny lub o parametrach nie gorszych niż Torba Adidas LINEAR LOGO DUFFEL LARGE",null,"szt",10,{"v":121.95121951219512,"d":"121.95"},{"v":1219.5121951219512,"d":"1,219.51"},{"v":150,"d":"150.00"},{"v":1500,"d":"1500.00"},"7 BOW"]
[69,"Deska do tenisa stołowego","Deska do tenisa stołowego powina być wykona z 5 warstw sklejek + 2 warstwy włókna Zylon Carbon posiadać wskaźnik rekacji 10,5 wskaźnik wibracji 9,5 . Główka desk powina być o wymiarch i: 158 x 152 x 5,7 mm\ni wadze  90 g.Produkt równoważny lub o parametrach nie gorszych niż deska Butterfly \" Innerforce ZLC\"                   ",null,"szt",3,{"v":609.7560975609756,"d":"609.76"},{"v":1829.2682926829268,"d":"1,829.27"},{"v":750,"d":"750.00"},{"v":2250,"d":"2250.00"},"7 BOW"]
[70,"Okładzina do tenisa stołowego","Okładzina powina cechować się wysoką  rotacją i większą stabilnośćią odbicia piłeczki. Parametry które powina spełniać to przeznaczona do stylu gry : Atak i kontratak topspinowy,szybkość : 13,25,rotacja : 11,25,twardość podkładu : 32 grubość podkładu :  1.9 .Produkt równoważny lub o parametrach nie gorszych niż okładzina gładka BUTTERFLY Tenergy 80 FX 1,9mm .",null,"szt ",8,{"v":203.2520325203252,"d":"203.25"},{"v":1626.0162601626016,"d":"1,626.02"},{"v":250,"d":"250.00"},{"v":2000,"d":"2000.00"},"7 BOW"]
[71,"Rakieta do tenisa ziemnego ","Rakieta do tenisa ziemnego powina cechować się waga 300g,Powierzchnia główki  645cm2,długość 68,5cm,profilem ramy 23/23/23 mm,układem strun 16/19,balansem 320mm,sztywnośćią 63RA,rekomendowaną siłą naciągu 22-26kg. Produkt równoważny lub o parametrach nie gorszych niż HEAD GRAPHENE 360 SPEED MP.                                                                 ",null,"szt.",1,{"v":609.7560975609756,"d":"609.76"},{"v":609.7560975609756,"d":"609.76"},{"v":750,"d":"750.00"},{"v":750,"d":"750.00"},"7 BOW"]
[72,"stoper\n","stoper powinien zawierać elektroniczny kwarcowy czasomierz - zegar, cyfrowy wyświetlacz, pamięć min 60 \n• pomiar lub odliczanie do 10 godzin \n• głośny sygnał akustyczny \n• nieskończona ilość zatrzymań biegu czasu \n• przyciski i wnętrze hermetyczne i wodoodporne, odporne na chemię basenową, zawierać baterię CR2032 i instrukcję. Produkt równoważny lub o parametrach nie gorszych niż Stoper sportowy Multistar\n",null,"szt",1,{"v":149,"d":"149.00"},{"v":149,"d":"149.00"},183.27,183.27,"1 BZ Lębork"]
[73,"plecak sportowy","Plecak wykonany powinie być  z poliestru. Wyposażony w dwie komory przy czym przednia wyposażona w wielofunkcyjny organizer. na zewnatrz dwie boczne siateczkowe kieszenie oraz frontowa kieszeń na okulary. ma posiadać paski kompresyjne. Kolor czarny o wymiarach  około 49x35x25 cm,  wadze do 1300 gram i pojemności 28 litrów. Pasek do zapinania na piersi z klamrą zatrzaskową. Produkt równoważny lub o parametrach nie gorszych niż PLECAK SORTOWY THE NORTH FACE RECON","28 litrów","szt.",5,{"v":249,"d":"249.00"},{"v":1245,"d":"1,245.00"},306.27,1531.35,"1 BZ Lębork"]
[74,"Tablica do koszykówki ","Tablica która ma posiadać certyfikat bezpieczeństwa \"\"B\"\" oraz wszelkie wymagane atesty bezpieczeństwa. Wykonana  z materiału: laminat odporny na warunki atmosferyczne. Europejski rozstaw otworów (110 x 90 mm). Na tablicy umiejscowiony jest czarny prostokąt o wymiarach 59cm szerokości i 45cm wysokości. Kompatybilne z obręczami: 261, 262, 263, 264, 277, 270. Produkt równoważny lub o parametrach nie gorszych niżTablica Sure Shot 171","180cm szerokości i 105cm wysokości głównej ","szt",1,{"v":599,"d":"599.00"},{"v":599,"d":"599.00"},736.77,736.77,"1 BZ Lębork"]
[75,"Torba sportowa","Torba sportowa ma posiadać:  wodoodporny dół, dużą komorę główną zapinana na podwójny zamek, dwa uchwyty i odpinany pasek na ramię, Boczna kieszeń z siateczki, Wewnętrzna kieszeń wisząca. Materiał 100% poliester Produkt równoważny lub o parametrach nie gorszych niż  Torba treningowa (duża)\nNike Brasilia kolor czarny\n","Wymiary: 71 (dł.) × 28 (szer.) × 35,5 cm (wys.)","szt.",33,{"v":155,"d":"155.00"},{"v":5115,"d":"5,115.00"},190.65,6291.45,"1 BZ Lębork"]
[76,"Ławka kulturystyczna rozkładana wielofunkcyjna","Produkt powinien posiadać stabilną konstrukcję z profilu 50x50x2 mm, Konstrukcja wytrzymała na 1000 KILOGRAMÓW ciężaru. 2 belki wzmacniające konstrukcję: pod oparciem i pod siedziskiem , mocne, jakościowe spawy odporne na wieloletnie użytkowanie. Podstawa ławki z profilu 80x60x3mm. Profil 50x50x2 mm, w którym można zamontować dodatkowe akcesoria. Regulacja kąta pochylenia oparcia w 11 stopniach. Regulacja kąta pochylenia siedziska w 3 stopniach. Możliwość ćwiczenia na ławce skosem w dół. Tapicerka o grubości 3 cm.Wyprofilowane zakończenie tapicerki. Produkt równoważny lub o parametrach nie gorszych niż Ławka rzymska do brzuszków, skośna HL13 Kelton Heavy",null,"szt.",1,{"v":2399,"d":"2399.00"},{"v":2399,"d":"2,399.00"},2950.77,2950.77,"1 BZ Lębork"]
[77,"zegarek sportowy ","Zegarek ma być z funkcją GPS do pomiaru odległości oraz technologią pomiaru tętna na nadgarstku. Ma być wyposażony w funkcję dynamiki jazdy rowerem, pływania i biegu, triatlonu. Musi posiadać możliwość komunikacji Bluetooth. Inne funkcje budzik, licznik kalorii, licznik kroków, wibracje, z. Produkt równoważny lub o parametrach nie gorszych niż Garmin Forerunner 735XT kolor czarny",null,"szt.",1,{"v":800,"d":"800.00"},{"v":800,"d":"800.00"},{"v":984,"d":"984.00"},{"v":984,"d":"984.00"},"1 BZ Lębork"]
[78,"Mata pod ciężary do sportów siłowych","Mata pod ciężary do sportów siłowych oraz pod sprzęt sportowy i do ćwiczeń typ puzzle. Wymiar od zakładki do zakładki: 102,5 cm x 102,5 cm, ma chronić podłogi przed porysowaniem,ma  redukować  poziom hałasu i tłumić drgania, antypoślizgowa, łatwa w czyszczeniu. Produkt równoważny lub o parametrach nie gorszych niż MATA PROFESJONALNA  GUMOWA PUZZLE | GRUBOŚĆ 15 MM\n","Wymiar od zakładki do zakładki: 102,5 cm x 102,5 cm.          Grubość- 15 mm","szt.",35,{"v":49,"d":"49.00"},{"v":1715,"d":"1,715.00"},{"v":60.269999999999996,"d":"60.27"},2109.45,"1 BZ Lębork"]
[79,"Obciążenie olimpijskie          ","Krążek żeliwny metalowy olimpijski o średnicy 51 mm. Waga 10 kg, kolor czarny. Produkt równoważny lub o parametrach nie gorszych niż obciążenie olimpijskie 10 kg czarne fi 51,5 mm (wielokąt) Kelton gym.","Waga 10kg","szt.",4,{"v":80,"d":"80.00"},{"v":320,"d":"320.00"},{"v":98.4,"d":"98.40"},{"v":393.6,"d":"393.60"},"1 BZ Lębork"]
[80,"Obciążenie olimpijskie          ","Krążek żeliwny metalowy olimpijski o średnicy 51 mm. Waga 5kg, kolor czarny. Produkt równoważny lub o parametrach nie gorszych niż obciążenie olimpijskie 5 kg czarne fi 51,5 mm (wielokąt) Kelton gym.","waga 5kg","szt.",2,{"v":40,"d":"40.00"},{"v":80,"d":"80.00"},{"v":49.2,"d":"49.20"},{"v":98.4,"d":"98.40"},"1 BZ Lębork"]
[81,"Obciążenie olimpijskie          ","Krążek żeliwny metalowy olimpijski o średnicy 51 mm. Waga 20 kg, kolor czarny. Produkt równoważny lub o parametrach nie gorszych niż obciążenie olimpijskie 20 kg czarne fi 51,5 mm (wielokąt) Kelton gym.","Waga 20kg","szt.",2,{"v":120,"d":"120.00"},{"v":240,"d":"240.00"},{"v":147.6,"d":"147.60"},{"v":295.2,"d":"295.20"}]
[82,"Piłka do koszykówki ","Piłka koszykowa ma być  wykonana z najwyższej jakości skóry naturalnej PREMIUM. Ilość paneli: 12  Dętka: butylowa posiadająca atest- FIBA Approved. Produkt równoważny lub o parametrach nie gorszych niż Piłka do koszykówki Molten BG5000\n",null,"szt",1,{"v":399,"d":"399.00"},{"v":399,"d":"399.00"},490.77,490.77,"1 BZ Lębork"]
[83,"Drążek gimnastyczny uniwersalny wolnostojący 1 polowy, z regulacją\nwysokości prężnika","Zestaw ma się skladać z prężnka z obejmami i sworzniami mocującymi, dwuch słupków stalowych z tulejami oraz pokryw tulei. Otwory w słupkach mają umożliwiać  regulację wysokości prężnika w zakresie od 800mm do 2600mm skokowo co 100mm. Słupki w tulejach powinny być  stabilizowane za pomocą specjalnego docisku. Prężnik drążka wykonany ma być ze stalio podwyższonych własnościach wytrzymałościowych i sprężystych. Słupki powinny być  lakierowane proszkowo, tuleje cynkowane, posiadać certyfikat zgodności. Produkt równoważny lub o parametrach nie gorszych niż Drążek gimnastyczny wolnostojący FI 28x2300 z dociskiem 2-płaszczyznowym. Model 1710","regulacja wysokości prężnika w zakresie od 800mm do 2600mm skokowo co 100mm","szt.",1,{"v":2499,"d":"2499.00"},{"v":2499,"d":"2,499.00"},3073.77,3073.77,"1 BZ Lębork"]
[84,"Step fitness","Powinien posiadać antypoślizgowa powierzchnię treningową, łatwy w przechowywaniu, uniwersalny przyrząd \"must have in any gym\" Regulowany na 3 różnych wysokościach (15cm / 20 cm / 25 cm),  Produkt równoważny lub o parametrach nie gorszych niż Profesjonalny STEP RSP-16150 REEBOK\n\n\n","Wymiary: 100 x 38 x 15 / 20 / 25 cm","szt.",2,{"v":499,"d":"499.00"},{"v":998,"d":"998.00"},613.77,1227.54,"1 BZ Lębork"]
[85,"Podium sportowe ","Podium ma być  wykonane z profili stalowych z metalowymi płytami bocznymi oraz blatami z blachy ryflowanej. Podium znakowane numerami od 1 do 3, o zróżnicowanej wysokości stopni, cyfry wycinane najlepiej laserowo. Produkt równoważny lub o parametrach nie gorszych niż Podium dla zwycięzców na konstrukcji stalowej Sportplus.pl"," długość 150cm, szerokość 40cm, wysokość 50cm","szt.",1,{"v":799,"d":"799.00"},{"v":799,"d":"799.00"},982.77,982.77,"1 BZ Lębork"]
[86,"Tablica wyników gier sportowych z zegarem","Tablica wyników gier sportowych z zegarem która powinna zawierać wyposażenie w sygnał dźwiękowy, oraz elektroniczne pulpity sterowania (sterowanie bezprzewodowe), powinna  być odporna na uderzenia, płyta czołowa z tworzywa- poliwęglan, diody LED: szerokokątne o podwyższonej jasności opis goście- gospodarze, czas gry, set, stan setów. Mocowanie do ściany prostej. Produkt równoważny lub o parametrach nie gorszych niż Tablica wyników sportowych STW 100-20-1","Wymiary:100x70x6,5 cm","szt.",1,{"v":4199,"d":"4199.00"},{"v":4199,"d":"4,199.00"},{"v":5164.7699999999995,"d":"5164.77"},{"v":5164.7699999999995,"d":"5164.77"},"1 BZ Lębork"]
[87,"Drążek gimnastyczny przyścienny 1-polowy, z regulacją wysokości prężnika","Ma to być zestaw bezodciągowy, ma się składać z: z prężnka z obejmami i sworzniami mocującymi, dwuch słupków stalowych: jeden przyścienny z otworami mocowany na stałe, drugi słupek drążka wsuwany jest w tuleję osadzaną na stałe w podłożu nastepnie ma być  usztywniony przez dokrecenie mechanizmu blokady. Zestaw musi posiadać w komplecie tuleje montażową.  Otwory w słupkach umożliwiające regulację wysokości prężnika w zakresie od 800mm do 2600mm skokowo co 100mm. Słupki w tulejach stabilizowane za pomocą specjalnego docisku. Prężnik drążka ma być wykonany ze stalio podwyższonych własnościach wytrzymałościowych i sprężystych. Słupki lakierowane proszkowo, tuleje cynkowane. urządzenie powinno spełiać normy, posiadać certyfikat zgodności. Produkt równoważny lub o parametrach nie gorszych niż Drążek gimnastyczny przyścienny Sport Plus","regulacja wysokości prężnika w zakresie od 800mm do 2600mm skokowo co 100mm","szt.",1,{"v":2320,"d":"2320.00"},{"v":2320,"d":"2,320.00"},{"v":2853.6,"d":"2853.60"},{"v":2853.6,"d":"2853.60"},"1 BZ Lębork"]
[88,"Spodnie do biegania","Spodnie męskie w kolorze czarnym mają być wykonane z miękkiego materiału, który odparowywuje wilgoć. Fason spodni zwężany od kolan w dół. Mają posiadać: elastyczny pas wraz ze sznurkowym ściągaczem oraz kieszenie na zamki. Dół spodni ma posiadać zamek oraz od strony zewnętrznej od kolan do zamka ma być umieszczony pasek odblaskowy. Produkt równoważny lub o parametrach nie gorszych niż Męskie spodnie do biegania Nike Phenom","S x 2           M x 10         L x 3      "," sztuka",15,{"v":180,"d":"180.00"},{"v":2700,"d":"2700.00"},{"v":221.4,"d":"221.40"},{"v":3321,"d":"3321.00"},"1 BZ Lębork"]
[89,"Buty sportowe damskie","Buty damskie. Mają być wykonane z materiału syntetycznego i tekstylnego. Cholewka ma mieć  siateczkę syntetyczną z perforacjami. Podeszwa z gumy z pianką na zastosowanie w biegach po asfalcie. Element odblaskowy na tylnej części buta. Waga 263g. Produkt równoważny lub o parametrach nie gorszych niż buty NIKE AIR ZOOM PEGASUS 36 kolor. Niebieski \n","Rozmiary:  37,5( cm)2pary     38(cm)2 pary       39(cm)1 para","para",5,{"v":209,"d":"209.00"},{"v":1045,"d":"1045.00"},257.07,1285.35,"1 BZ Lębork"]
[90,"Bluza do biegania","Bluza damska do biegania wykonana z 91% poliester, 9% elasten. Kolor Granatowy. Bluza ma mieć przedłużony tył, podniesiony kołnierz i zamek rozsuwany do połowy. Ma posiadać liczne elementy odblaskowe umiejscowione na ramionach i plecach. . Produkt równoważny lub o parametrach nie gorszych niż Asics ICON WINTER LS 1/2 ZIP TOP bluza do biegania damska"," 3x  S           2 x M         ","sztuka",5,{"v":190,"d":"190.00"},{"v":950,"d":"950.00"},{"v":233.7,"d":"233.70"},{"v":1168.5,"d":"1168.50"},"1 BZ Lębork"]
[91,"Bluza sportowa do BnO","Bluza męska do biegania z długim rękawem. Wykonana z materiału typu SOFT SHELL, rozpinana pod szyją. W górnej części suwaka element zabezpieczający podbródek przed otarciami. Ma posiadać elementy odblaskowe, z tyłu bluzy kieszonka zapinana na zamek. Kolor granatowy. Produkt równoważny lub o parametrach nie gorszych niż Asics LS WINDBLOCK 1/2 ZIP,  bluza do biegania męska","2 x  S          8 x  M                2 x  L             ","sztuka",12,{"v":180,"d":"180.00"},{"v":2160,"d":"2160.00"},{"v":221.4,"d":"221.40"},{"v":2656.8,"d":"2656.80"},"1 BZ Lębork"]
[92,"Kostium pływacki jednoczęściowy","Kostium męski w kolorze czarnym. Ma posiadać hydrofobową powłokę. W tylnej części nogawki mają być umieszczone podwójne panele.Produkt równoważny lub o parametrach nie gorszych niż STRÓJ STARTOWY VAPOR PRO męski kolor czarny","rozmiar 35","szt.",1,{"v":699,"d":"699.00"},{"v":699,"d":"699.00"},859.77,859.77,"1 BZ Lębork"]
[93,"Obuwie sportowe do biegania ","Buty do biegania męskie. Kolor preferowany granatowy,mają być  wodoodporne,  cholewka wykonana z siateczki, podeszwa z gumy z pianką zastosowana  w biegach po asfalcie.Mają posiadać elementy  odblaskowy na tylnej części buta. Waga 263g. Produkt równoważny lub o parametrach nie gorszych niż buty Nike Air Zoom Pegasus 36 FlyEase kolor granatowy\n","41(dł/ wkł. 26cm)-2pary,     42(dł. Wkł.26,5cm) -2pary,    42,5(dł.wkł27cm)-5 par,         43(dł.wkł.27,5cm)-2pary, 44(dł.wkł.28cm)- 3pary                                         44,5(dł.wkł28,5cm)-2pary, 45(dł.wkł.29cm)-2pary 45,5(dł.wkl.29,5cm)- 1 para 47(dł.wkł.30,5cm)-1para               ","para ",20,{"v":319,"d":"319.00"},{"v":6380,"d":"6380.00"},392.37,{"v":7847.4,"d":"7847.40"},"1 BZ Lębork"]
[94,"Obuwie sportowe","Buty męskie preferowane  w kolorze czarnym z białą podeszwą. Cholewka ma być wykonana z materiału syntetycznego. Waga około 270g. Wysokość 12cm. Grubość podeszwy 3,5cm. Produkt równoważny lub o parametrach nie gorszych niż buty Nike VINFLO","41(dł/ wkł. 26cm)-1para,     42(dł. Wkł.26,5cm) -1pary, 42,5(dł.wkł. 27cm)-2para, 43(dł.wkł.27cm)-1para             44(dł.wkł.28cm)-2pary, 44,5(dł.wkł.28,5cm)-3pary                                          45(dł.wkł29cm)-2pary, 45,5(dł.wkł.29,5cm)-1para  ","para",13,{"v":199,"d":"199.00"},{"v":2587,"d":"2587.00"},244.77,{"v":3182.0099999999998,"d":"3182.01"},"1 BZ Lębork"]
[95,"Obuwie sportowe","Buty damskie. Mają być wykonane z materiału tekstylnego i skóry syntetycznej. Podeszwa z materiału syntetycznego. Wyposażone w panele z siateczką. Produkt równoważny lub o parametrach nie gorszych niż buty Nike REVOLUTION 5 buty damskie kolor różowy","37(dł.wkł. Cm)- 1para, 37,5(dł.wkł. Cm)- 1para 38)dł.wkł. Cm)-2pary  39(dł.wkł. Cm)- 3para  41.5(dł.wkł. Cm)- 1para 42(dł.wkł. Cm)-2pary ","para",10,{"v":219,"d":"219.00"},{"v":2190,"d":"2190.00"},269.37,{"v":2693.7,"d":"2693.70"},"1 BZ Lębork"]
[96,"Buty sportowe   dla komisji","Buty męskie kolor preferowany  niebieski pomarańczowy. Wykonane mają być z: cholewka - skóra eko; wyściółka - materiał tekstylny; podeszwa - guma. Wysokość przed kostkę. Waga ok. 660g. Produkt równoważny lub o parametrach nie gorszych niż MĘSKIE BUTY SPORTOWE ADIDAS TERREX SWIFT SOLO","42 x 3         43x1             44 x 1  ","para",5,{"v":369,"d":"369.00"},{"v":1845,"d":"1845.00"},453.87,2269.35,"1 BZ Lębork"]
[97,"Skarpety  sportowe","Skarpetki mają być w kolorze niebieskim, wykonane z bawełny i poliesteru. Palce i pięta w kolorze szarym. Wysokość do kostki. Mają posiadać elementy odblaskowe oraz liczne siatki wentylacyjne. Produkt równoważny lub o parametrach nie gorszych niż SKARPETKI NIKE RUNNING DRI-FITLIGHTWEIG. ","Rozmiar   42-46           kolor czarny x15 par, kolor niebieski 10 par","para",25,{"v":16,"d":"16.00"},{"v":400,"d":"400.00"},19.68,{"v":492,"d":"492.00"},"1 BZ Lębork"]
[98,"Kostium pływacki","Kostium męski wykonany z 54% poliesteru i 46% PBT odporna na działanie chloru. W pasie ma posiadać wszytą gumę. Kolor czarno-żółty. Produkt równoważny lub o parametrach nie gorszych niż Arena DESTINY JAMMER","XXL","sztuka",1,{"v":159,"d":"159.00"},{"v":159,"d":"159.00"},195.57,195.57,"1 BZ Lębork"]
[99,"Kostium pływacki ","Kostium męski wykonany ze 100% poliesteru. Z wysokiej jakości materiału odpornego na chlor. Długość nogawki 45cm. Maj posiadać sznurek i elastyczny ściągacz. Kolor czarno-niebieski.Produkt równoważny lub o parametrach nie gorszych niż ZOGGS JAMMER DOUGALL","1x rozm- 95 1x rozm- 80 1x rozm- 85 klor niebiesko-czarny","sztuka",3,{"v":99,"d":"99.00"},{"v":297,"d":"297.00"},121.77,365.31,"1 BZ Lębork"]
[100,"Skarpety sportowe\n","Mają być wykonane z 57% bawełny, 41% poliesteru, 2% elastan. Długość do kostek. Pakowane po 3 pary(kolor biały,czarny i szary). Produkt równoważny lub o parametrach nie gorszych niż Skarpety adidas Cushioned Ankle ","42-44","para",30,{"v":15,"d":"15.00"},{"v":450,"d":"450.00"},18.45,{"v":553.5,"d":"553.50"},"1 BZ Lębork"]
[101,"Obuwie specjalistyczne do BnO","Buty męskie. Mają  być wykonane z wysokogatuntowego tworzywa: NYLONU. Podeszwa ma być wykonana z miękkiej gumy, z grubym bieżnikiem z 4mm wypustkami przeznaczone do biegów w terenie. Produkt równoważny lub o parametrach nie gorszych niż Icebug Acceleritas7 RB9X Buty Mężczyźni,  kolor melon/poison ","Rozmiar      1x 44         1x 44,5","para",2,{"v":475,"d":"475.00"},{"v":950,"d":"950.00"},584.25,{"v":1168.5,"d":"1168.50"},"1 BZ Lębork"]
[102,"Kostium pływacki jednoczęściowy","Kostium jednoczęściowy damski. Skład stroju około - 71% Poliamid 29% dzianina z elastanem. Ma być wyposażony w silikonowe zakończennia na nogach i talii oraz wzmocniona konstrukcja w gładkie szwy. Produkt równoważny lub o parametrach nie gorszych niż STRÓJ STARTOWY FUSE: RACE JOHN damski czarny","Rozmiar 28","sztuka",1,{"v":599,"d":"599.00"},{"v":599,"d":"599.00"},736.77,736.77,"1 BZ Lębork"]
[103,"Numer startowy","Powinien posiadać rozmiar 20 x 20cm, być dwustronny, wiązany, regulowany tasiemkami. Kolor biały. Tkanina elastyczna dzianina. Numeracja od 1 do 50. Napis \"1. Lęborski Batalion Zmechanizowany\" 1 cm poniżej górnej krawędzi, wysokość napisu 1cm, szerokość 18cm. Numer umiejscowiony od górnej krawędzi ok 4 cm; wysokość 14cm, szerokość 7cm (pojedynczej cyfry). Tło w kolorze białym; napisy w kolorze czarnym","rozmiar 20cm x 20 cm","sztuka",50,{"v":17,"d":"17.00"},{"v":850,"d":"850.00"},20.91,{"v":1045.5,"d":"1045.50"},"1 BZ Lębork"]
[104,"Narzuta znacznik treningowy","Wykonany ze specjalnej dzianiny elastycznej. Tkanina przewiewna, lekka i trwała. Kolor POMARAŃCZOWY.  Napis \"1. Lęborski Batalion Zmechanizowany\" 5 cm poniżej górnej krawędzi plastronu o wymiarach 20 x 3 cm. Numer poniżej 20 cm od górnej krawędzi o wymiarach 16 x 8 cm. Numer od 1 do 10","3 x M             5 x L             2 x XXL","sztuka",10,{"v":23,"d":"23.00"},{"v":230,"d":"230.00"},28.29,{"v":282.9,"d":"282.90"},"1 BZ Lębork"]
[105,"Narzuta znacznik treningowyB102:J107B101:J107B100:B103:J107","Wykonany ze specjalnej dzianiny elastycznej. Tkanina przewiewna, lekka i trwała. Kolor NIEBIESKI.  Napis \"1. Lęborski Batalion Zmechanizowany\" 5 cm poniżej górnej krawędzi plastronu o wymiarach 20 x 3 cm. Numer poniżej 20 cm od górnej krawędzi o wymiarach 16 x 8 cm. Numer od 1 do 10","3 x M             5 x L             2 x XXL","sztuka",10,{"v":23,"d":"23.00"},{"v":230,"d":"230.00"},28.29,{"v":282.9,"d":"282.90"},"1 BZ Lębork"]
[106,"Guma do ćwiczeń i rozciągania","Guma do ćwiczeń powinna być dostosowana do wykonywania ćwiczeń górnych i dolnych partii ciała. Guma powinna być wykonana z mocnego, elastycznego lateksu, który zapewni długą żywotność i sprawi, że wygeneruje równomierny opór podczas każdego treningu. . Materiał powinien być  mocny i wykonany z lateks. Kolor proponowany: niebieski. Długość około 208 cm. Szerokość około 32 mm. Grubość: 5 mm. Zakres obciążenia: 16- 39 kg. Produkt równoważny lub o parametrach nie gorszych niż guma do ćwiczeń Power Band 32 - DBX BUSHIDO.",null,"szt.",6,{"v":50,"d":"50.00"},{"v":300,"d":"300.00"},{"v":61.5,"d":"61.50"},{"v":369,"d":"369.00"},"CSMW"]
[107,"Piłka gimnastyczna","Piłka gimnastyczna najlepiej dostosowana do ćwiczeń takich aby pracowały wszystkie mięśnie, również te głębokie, odpowiedzialne za równowagę. Powinna również sprawdzać się w ćwiczeniach ogólnorozwojowych i rozciągających.                                                                         Dane techniczne:\n- kolor proponowany czerwony,\n- waga przed napompowaniem ok. 400 g,\n- średnica przed napompowaniem ok 45 cm,\n- średnica po napompowaniu ok 65 cm,\n- maksymalna waga użytkownika do 100 kg,\n- materiał polecany pvc. Produkt równoważny lub o parametrach nie gorszych niż piłka gimnastyczna Avento 65 cm + pompka.\n\n   \n\n\n\n\n \n  \n\n \n\n","Rozmiar 65 cm","szt.",2,{"v":52,"d":"52.00"},{"v":104,"d":"104.00"},63.96,127.92,"CSMW"]
[108,"Piłka do ćwiczeń - \"fit ball\"","Piłka gimnastyczna \"fit ball\" powinna być przeznaczona do treningu sportowego gdzie podczas wykonywania ćwiczeń wzmocni mięśnie grzbietu oraz zwiększy zakres ruchomości w stawach oraz poprawi kondycję i koordynację.Piłka gimnastyczna \"fit ball\" powinna charakteryzować się:\n- wytrzymałością na duże dynamiczne obciążenia,\n- wykonaniem odpornym na zniszczenia materiału,                      - antypoślizgową strukturą materiału o maksymalnym obciążeniu do 300 kg, \n- rozmiarem około 65 cm,                                                               - wagą piłki około 0,9 kg. Produkt równoważny lub o parametrach nie gorszych niż piłka do ćwiczeń Spokey FITBALL + pompka.","Rozmaiar 65 cm","szt.",2,{"v":70,"d":"70.00"},{"v":140,"d":"140.00"},{"v":86.1,"d":"86.10"},{"v":172.2,"d":"172.20"},"CSMW"]
[109,"Urządzenie do ćwiczeń równoważnych - \"balance station\"","Urządzenie powinno składać się z dwóch elastycznych, gumowych linek umożliwiających trening mięśni górnych i dolnych kończyn. Dodatkowo powinno być wyposażone w regulację ciśnienia w podkładce, za pomocą którego można kontrolować trudność ćwiczeń.\nOpis techniczny:\n- najlepiej jednokomorowa podładka powietrzna,\n- regulacja stopnia trudności poprzez zmianę ciśnienia,\n- podstawa najlepiej wykonana z utwardzonego PVC,\n- dwie dodatkowe linki, które zwiększyłyby zakres możliwych do wykonywanych ćwiczeń,\n- całkowita średnica ok. 57,5 cm (w obszarze ekspanderów ok. 63,5 cm),\n- wysokość do 22 cm,\n- długość ekspanderów powinna wynosić 80 cm,\n- maksymalna nośność do 200 kg,\n- waga około 5 kg,\nProdukt równoważny lub o parametrach nie gorszych niż urządzenie do ćwiczeń inSPORTline Dome UNI + pompka.\n",null,"szt.",2,{"v":350,"d":"350.00"},{"v":700,"d":"700.00"},{"v":430.5,"d":"430.50"},{"v":861,"d":"861.00"},"CSMW"]
[110,"Czepek kąpielowy plywacki","Czepek kąpielowy startowy powinien być wykonany z silikonu odpornego na szkodliwe działanie chloru, a jednak wystarczająco elastycznego by zapewnić idealne dopasowanie do głowy.  Dobrze aby posiadał 3 grubości gumy co zwiększy możliwość dopasowania oraz zmniejszyć opór wody podczas pływania. Produkt powinien posiadać aprobatę FINA i byc wykonany w technologii 3D. Produkt równoważny lub o parametrach nie gorszych niż MAD WAVE czepek pływacki.","Rozmiar  L x 4        M x 4","szt.",8,{"v":70,"d":"70.00"},{"v":560,"d":"560.00"},{"v":86.1,"d":"86.10"},{"v":688.8,"d":"688.80"},"CSMW"]
[111,"Łapki pływackie","Łapki pływackie powinny być wykonane z polipropylenu a paski trzymajęce wiosełko mogą być silikonowe. \nŁapki powinny polepszyć technikę ruchów w wodzie, powodując  lepszą chwytność i redukcję zmęczenie dłoni podczas treningów na pływalni. Produkt równoważny lub o parametrach nie gorszych niż łapki pływackie Speedo Biofuse Power Paddle.\n\n","Rozmiar: 17x14 cm - S x 3, 21x18 cm - M x 3, 24x21 cm  - L x 2","szt.",8,{"v":35,"d":"35.00"},{"v":280,"d":"280.00"},43.05,{"v":344.4,"d":"344.40"},"CSMW"]
[112,"Deska do tenisa stołowego","Deska do tenisa stołowego najlepiej o powiększonym sweet-spocie zapewni idealne czucie, a siatka włókien karbonowych nada dodatkowej precyzji blokom i uderzeniem atakującym. Deska powinna cechować się do gry ofensywnej oraz wszechstronnej gry defensywnej.                                                                                                                                                Włókno sztuczne: może być Carbon,                                                 Wskaźnik reakcji ok. 10:2,                                                         Wskaźnik wibracji ok. 8:0,                                                   Konstrukcja wskazana: 5 sklejek + 2 warstwy włókna,                           Rodzaj uchwytu najlepiej AN anatomiczny.                        Produkt równoważny lub o parametrach nie gorszych niż deska do tenisa stołowego Gionis Carbon Allround.                                                      ","Rozmiar","szt.",3,{"v":240,"d":"240.00"},{"v":720,"d":"720.00"},{"v":295.2,"d":"295.20"},{"v":885.6,"d":"885.60"},"CSMW"]
[113,"Okładzina do tenisa stołowego","Okładzina dobrze gdyby była wykonana w technologie High Tension i Spring Sponge. Twardość według skali Shore’a powinna wynosić 43, co umożliwi znacznie bardziej dynamiczną grę z nieco lepszą dokładnością, szybkością i rotacją.                                                                                 Rodzaj preferowany: gładka.\nRotacja ok. \t11.5\nSzybkość\t ok. 13.0                                                             Grubość podkładu ok. 2.1                                                                                    Produkt równoważny lub o parametrach nie gorszych niż okładzina Orthodox linii Tenergy 05 Hard.","Kolor:          1 czarna,    1 czerwona","szt.",2,{"v":195,"d":"195.00"},{"v":390,"d":"390.00"},239.85,{"v":479.7,"d":"479.70"},"CSMW"]
[114,"Okładzina do tenisa stołowego","Okładzina  do gry o wysokiej rotacji. Twardość według skali Shore’a powinna wynosić około 32, co umożliwi znacznie bardziej dynamiczną grę z nieco lepszą dokładnością, szybkością i rotacją.   \nRodzaj preferowany:\t gładka.\nRotacja ok. \t11.5\nSzybkość ok. \t13.0                                                             Grubość podkładu 2.1                                                                                       Produkt równoważny lub o parametrach nie gorszych niż okładzina Orthodox linii Tenergy 05 FX.","Kolor:        1 czarna,  1 x czerwona","szt.",2,{"v":240,"d":"240.00"},{"v":480,"d":"480.00"},{"v":295.2,"d":"295.20"},{"v":590.4,"d":"590.40"},"CSMW"]
[115,"Okładzina do tenisa stołowego","Okładzina do tenisa stołowego powinna wyróżniać się dużą przyczepnością i elastycznością oraz posiadać dużą kontrolę, rotację i szybkość. Połączenie względnie twardej ale rotacyjnej powierzchni z elastycznym podkładem o średniej twardości co ma zapewnić skuteczny atak lub różnorodną grę all - rundową z dobrą kontrolą.\nRodzaj preferowany:\t gładka.\nRotacja ok \t8\nSzybkość ok.10.0\nTwardość\t według skali Shore’a powinna wynosić 38.                                                    Grubość podkładu 2.1                                                                                    Kolor okładziny czarny i czerwony. Produkt równoważny lub o parametrach nie gorszych niż SRIVER.","Kolor:        2 x czarna,    2 x czerwona","szt.",4,{"v":140,"d":"140.00"},{"v":560,"d":"560.00"},{"v":172.2,"d":"172.20"},{"v":688.8,"d":"688.80"},"CSMW"]
[116,"Okładzina do tenisa stołowego","Okladzina która zapewni maksymalną kontrolę w grze.                                                                                                                                                                                                                                                      Rodzaj:\t krótkie czopy.\nRotacja ok.\t 4.25\nSzybkość\t ok. 6\nTwardość: (skala Shore'a)\t 0\nProdukt równoważny lub o parametrach nie gorszych niż okładzina Orthodox.","Kolor:        2 x czerwona","szt.",2,{"v":80,"d":"80.00"},{"v":160,"d":"160.00"},{"v":98.4,"d":"98.40"},{"v":196.8,"d":"196.80"},"CSMW"]
[117,"Piłka do tenisa stołowego ","Piłki do tenisa stołowego powinny posiadać atest ITTF. Wykonanie polecane: plastik co  będzie charakteryzować je wyższym odbiciem niż w piłkach celuloidowych. Produkt równoważny lub o parametrach nie gorszych niż piłki Butterfly Master Quality G40 +. ","Kolor:  biały Rozmiar: 40 mm "," szt.",100,{"v":2.5,"d":"2.50"},{"v":250,"d":"250.00"},{"v":3.075,"d":"3.08"},{"v":307.5,"d":"307.50"},"CSMW"]
[118,"Siatka do stołu tenisowego","Siatka najlepiej z atestem ITTF. Powinna posiadać mocne, metalowe śruby, łatwe do zainstalowania na stole. Bardzo wytrzymały, metalowy stelaż z dużymi śrubami mocującymi. Bardzo wytrzymały metalowy stelaż. Kolor siatki plecany: czarny. Produkt równoważny lub o parametrach nie gorszych niż uchwyt do tenisa stołowego z siatką Butterfly National League.","Kolor siatki: czarny ","szt.",4,{"v":150,"d":"150.00"},{"v":600,"d":"600.00"},{"v":184.5,"d":"184.50"},{"v":738,"d":"738.00"},"CSMW"]
[119,"Naciąg do rakiety tenisowej","Naciąg tenisowy powinien być wykonany o czterokątnym profilu, który zapewni bardzo dobry dostęp do rotacji i nadawania spinu.   Duża dynamika uderzeń. \nKolor główny polecany zielony.  \nDługość naciągu (m) ok. 12,2  \nWłaściwości: dynamika, rotacja.  \nStruktura polecana: monofilament.  \nProfil naciagu preferowany czterokątny.  \nMateriał polecany: co-polyester. Produkt równoważny lub o parametrach nie gorszych niż Solinco Hyper-G (12 m) - green.","Rozmiar: 1.25","szt.",10,{"v":45,"d":"45.00"},{"v":450,"d":"450.00"},55.35,{"v":553.5,"d":"553.50"},"CSMW"]
[120,"Gwizdek sędziowski","Gwizdek powinien charkteryzować się wyjątkowym brzmieniem, najlepiej wykonanym z tworzywa sztucznego. Gwizdek powinien posiadać kulki dzięki czemu będzie niezawodny. W komplecie powinien znajdować się:                                                                 - sznurek,                                                                                        - 3 komorowa konstrukcja umożliwiająca trzymanie,                                   \n- ustnik silikonowy,                                                                           - spójny i donośny dźwięk około 115 dB.\nKolor polecany czarny. Produkt równoważny lub o parametrach nie gorszych niż gwizdek sędziowski FOX 40.","Kolor: czarny","szt.",5,{"v":39,"d":"39.00"},{"v":195,"d":"195.00"},47.97,239.85,"CSMW"]
[121,"Piłki do tenisa ziemnego","Piłki tenisowe powinny być wykonane z tkaniny premium przy użyciu wełny, aby uzyskać bardziej zwarty splot, co zwiększa trwałość i szybkość reakcji. Piłka powinna być ciśnieniowa z przeznaczeniem na wszystkie rodzaje nawierzchni.\nTkanina może być w  technologii , która odpycha do 70% więcej wody niż standardowa piłka. Produkt równoważny lub o parametrach nie gorszych niż piłki tenisowe SLAZENGER WIMBLEDON - klasa super premium.","   ","opak       (4 szt.)",40,{"v":31,"d":"31.00"},{"v":1240,"d":"1240.00"},38.13,{"v":1525.2,"d":"1525.20"},"CSMW"]
[122,"Buty narciarskie zjazdowe","Buty narciarskie powinny zapewnić naturalną pozycję przedniej części stopy, co przekłada się na lepszą równowagę i zwiększoną kontrolę jazdy. Wykonanie powinno pozwalać na dopasowanie buta pod wpływem temperatury. Jednocześnie  strefy pięt i kostek nie będą stanowić punktów nacisku. W efekcie otrzymamy doskonałą stabilizację stopy. Nakładki WTR, ułatwiające chodzenie i w pełni kompatybilne z atestowanymi wiązaniami WTR. Klamra aluminiowa. Podeszwa butów musi ulegać lekkiemu zaokrągleniu (podobnemu do profilu rocker w nartach), co pozwala na naturalny chód i niweluje zmęczenie stóp. Nakładki powinny posiadać atest potwierdzający ich bezpieczeństwo. W tylnej części butów najlepiej aby zamontowano symetryczny kręgosłup stanowiący dodatkowe wzmocnienie. Dzięki temu poprawia się pewność jazdy oraz współczynnik przełożenia siły na osiągi. Produkt równoważny lub o parametrach nie gorszych niż BUTY NARCIARSKIE ATOMIC HAWX PRIME 100 W 2018.","Rozmiar: 28-28,5 ","para",1,{"v":659,"d":"659.00"},{"v":659,"d":"659.00"},{"v":810.5699999999999,"d":"810.57"},{"v":810.5699999999999,"d":"810.57"},"CSMW"]
[123,"Piłka futsalowa","Piłka halowa-futsal najlepiej wykonana z elastycznych włókien poliuretanowych. Szyta ręcznie, rozmiar 4 (obwód 62 - 64 cm), waga: 400-440 g specjalna dętka butylowa dająca  przytłumione odbicie, łatwa do kontrolowania. Kolor preferowany: Biel, Niebieski, Seledynowy.\nProdukt równoważny lub o parametrach nie gorszych niż: Select pilka halowa SELECT FUTSAL SUPER FIFA 18 r.4.","Rozmiar: 4","szt.",5,{"v":169,"d":"169.00"},{"v":845,"d":"845.00"},207.87,1039.35,"CSMW"]
[124,"Stół do tenisa stołowego","Stół do tenisa stołowego powinien składać się z dwóch połówek i osiem kółek. Wykonanie blatu powinno zapewnić większą jednorodność odbicia piłki zarówno przy uderzeniach topspinowych, jak i z rotacją wsteczną. Ma ograniczyć też poślizg piłki i nadać pewności gry. Powierzchnia stołu powinna być wzmocniona stalową ramą i zabezpieczeniem rogów stołu. Wypoziomowanie blatu powinno odbywać się za pomocą specjalnych pokręteł regulujących wysokość, umieszczonych na końcach każdej z nóg stołu. Stelaż powinien składać się z dwóch niezależnych połówek, które składają się łatwo i umożliwiają przechowywanie i transport. Dzięki dopasowaniu do siebie dwóch połówek stołu podczas przechowywania oszczędza się dużo miejsca, a stół po złożeniu zajmuje niewiele miejsca. Dodatkowo powinna być możliwość złożenia jednej połówki i rozłożenia drugiej, co umożliwia trening bez partnera do gry. Stół powinien posiadać atest ITTF. \nWymiary po złożeniu około szerokość 1525 mm x wysokość 1630 mm x głębokość 560 mm.\nWaga netto około 118 kg. Kolor preferowany niebieski i zielony wraz z siatką w komplecie. Produkt równoważny lub o parametrach nie gorszych niż stół Butterfly OCTET 25 mm.",null,"kpl.",1,{"v":2500,"d":"2500.00"},{"v":2500,"d":"2500.00"},{"v":3075,"d":"3075.00"},{"v":3075,"d":"3075.00"},"CSMW"]
[125,"Okulary plywackie","Okulary pływackie powinny zapobiegać zmęczeniu oczu, a specjalnie zaprojektowana ergonomiczna ramka gogli zapewni idealne dopasowanie i wygodę. Hydrodynamiczny kształt i innowacyjna konstrukcja soczewek ma zapewnić doskonałą widoczność w wodzie oraz ulepszony obraz pod każdym kątem.\nSzerokie spolaryzowane soczewki najlepiej wyposażone w ochronę ANTIFOG, aby zagwarantować perfekcyjną i najczystszą widoczność. Polecane 2 wymienne noski dla jeszcze lepszego dopasowania okularów do kształtu twarzy,\nochrona przed promieniowaniem UV, czysta, polaryzacyjna soczeweka odbijająca światlo od wody, powłaka szkła lustrzana zmieniająca kolor w zależności od kąta padania światła,pasek do okularków silikonowy w kolorze czerwonym.  Produkt równoważny lub o parametrach nie gorszych niż okulary ArenaCobra Ultra.","Rozmiar: senior","szt.",10,{"v":95,"d":"95.00"},{"v":950,"d":"950.00"},116.85,{"v":1168.5,"d":"1168.50"},"CSMW"]
[126,"Buty letnie męskie","Buty letnie męskie z cholewką polecaną ze skóry zamszowej 1,6 mm + wentylowanym siateczkowym materiałem język cholewki wykonana w technologii takiej co ma zwiększyć stabilność skrętną - lepsze trzymanie stopy. Podeszwa powinna zapewnić doskonałą trakcję i przyczepność na mokrej i suchej nawierzchni oraz posiadać w przedniej części podeszwy bieżnik zapewniający doskonałą przyczepność. System Buta , który zapewnia wsparcie i stabilizację stopy, sznurowanie od palców co ma  zapewnić doskonałe dopasowanie cholewki do stopy , wzmocniony czub. Produkt równoważny lub o parametrach nie gorszych niż buty Salewa MS WILDFIRE EDGE - 3988/Premium Navy/Fluo Yellow. ","Rozmiar: 42,5 x 2    44 x 2       43 x 1","para",5,{"v":520,"d":"520.00"},{"v":2600,"d":"2600.00"},{"v":639.6,"d":"639.60"},{"v":3198,"d":"3198.00"},"CSMW"]
[127,"Buty letnie męskie","Buty letnie męskie z cholewką polecaną ze skóry zamszowej 1,6 mm + wentylowanym siateczkowym materiałem język cholewki wykonana w technologii tkiej co ma  zwiększyć stabilność skrętną - lepsze trzymanie stopy. Podeszwa powinna zapewnić doskonałą trakcję i przyczepność na mokrej i suchej nawierzchni oraz posiadać w przedniej części podeszwy bieżnik zapewniający doskonałą przyczepność. System Buta , który zapewnia wsparcie i stabilizację stopy, sznurowanie od palców co ma zapewnić  doskonałe dopasowanie cholewki do stopy , wzmocniony czub.  Produkt równoważny lub o parametrach nie gorszych niż buty Buty Salewa MS WILDFIRE EDGE - 3840 Ombre Blue/Fluo Yellow","Rozmiar: 45,5 x 1 44,5 x 1 ","para",2,{"v":520,"d":"520.00"},{"v":1040,"d":"1040.00"},{"v":639.6,"d":"639.60"},{"v":1279.2,"d":"1279.20"},"CSMW"]
[128,"Kurtka z tkanin wysokotechniczych zimowa "," Kurtka z tkanin wysokotechniczych zimowa.  Ma  być wykonana z wiatroodpornego materiału który odpycha wodę ,lekka , zapinana z przodu na zamek, kieszenie boczne zapinane na zamek. Kolor czarny Tkanina poliestrowa , ma posiadać kontrast rurosiągów wokół krawędzi kołnierza i kieszeni na piersi.\nProdukt równoważny lub o parametrach nie gorszych niż Kurtka INSULATOR HELLY HANSEN.","Rozmiar: L x      ","szt.",1,{"v":600,"d":"600.00"},{"v":600,"d":"600.00"},{"v":738,"d":"738.00"},{"v":738,"d":"738.00"},"CSMW"]
[129,"Spodnie z tkanin technicznych wodoodporne","Spodnie z tkanin technicznych powinny charakteryzować się dużą odpornością na działanie niekorzystnych czynników atmosferycznych. Męskie spodnie mają  być wykonane z tkaniny nylonowej odpornej na ścieranie i inne uszkodzenia mechaniczne. Domieszka elastanu ma sprawić, że będą się rozciągać i nie ograniczą swobody ruchów użytkownika.\nSpodnie powinny świetnie chronić przed wiatrem i wilgocią oraz posiadać lekkie ocieplenie w postaci polarowej podszewki, która zadba o komfort termiczny w chłodne dni i nie podrażni nawet wrażliwej skóry. Najlepiej aby posiadały dwie kieszenie z zamkami umieszczone z przodu oraz tylną kieszeń. Kolor polecany niebieski. Produkt równoważny lub o parametrach nie gorszych niż męskie spodnie softshellowe LELAND ELBRUS.\n","Rozmiar:    M x 2          L x 1","szt.",3,{"v":220,"d":"220.00"},{"v":660,"d":"660.00"},{"v":270.6,"d":"270.60"},{"v":811.8,"d":"811.80"},"CSMW"]
[130,"Spodnie z tkanin technicznych wodoodporne","Spodnie z tkanin technicznych powinny charakteryzować się dużą odpornością na działanie niekorzystnych czynników atmosferycznych. Męskie spodnie mają  być wykonane z tkaniny nylonowej odpornej na ścieranie i inne uszkodzenia mechaniczne. Domieszka elastanu sprawi, że będą się rozciągać i nie ograniczą swobody ruchów użytkownika.\nSpodnie powinny świetnie chronić przed wiatrem i wilgocią oraz posiadać lekkie ocieplenie w postaci polarowej podszewki, która zadba o komfort termiczny w chłodne dni i nie podrażni nawet wrażliwej skóry. Najlepiej aby posiadały dwie kieszenie z zamkami umieszczone z przodu oraz tylną kieszeń. Kolor polecany czarny. Produkt równoważny lub o parametrach nie gorszych niż męskie spodnie softshellowe LELAND ELBRUS.","Rozmiar:    S x 1          M x 1",null,2,{"v":220,"d":"220.00"},{"v":440,"d":"440.00"},{"v":270.6,"d":"270.60"},{"v":541.2,"d":"541.20"},"CSMW"]
[131,"Kurtka z tkanin wysokotechniczych wodoodporna","Materiał polecany ProTextura Plus który ma  cechować kurtkę wysoką oddychalnością około 10 000 g / m2 / 24 godziny JIS L1099 B1 i funkcją wodoodporności  około 10 000 mm H2O.\nMa posiadać ęlementy odblaskowe które zwiększą bezpieczeństwo w warunkach słabego oświetlenia lub mgły.\nKrój polecany o  wentylowanej konstrukcja który z  tyłu zapewniłaby dodatkową oddychalność.\nZamek na całej długości. Kolor polecany seledynowy.\nProdukt równoważny lub o parametrach nie gorszych niż kurtka przeciwdeszczowa GIANT PROSHIELD.","Rozmiar: M x 1","szt.",1,{"v":439,"d":"439.00"},{"v":439,"d":"439.00"},539.97,539.97,"CSMW"]
[132,"Kask narciarski","Kask narciarski powinien być wyposażony w antyalergiczną wyściółkę. Technologia kasku powinna zapewnić wyjątkową lekkość i odporność na mocne uderzenia. Wentylacja powinna zapewnić komfort jazdy przez długi czas.\nParametry:                                                                                                                                - możliwość montażu gardy,                                                            - zamek blokujący - pozwalający na wielostopniową regulację,                                                                      - zamykane kanały wentylacyjne,                                                    - membrana ulokowana w nausznikach.                                Kolor polecany biało niebieski.\nProdukt równoważny lub o parametrach nie gorszych niż kask narciarski Race+ Uvex zgodny z normami FIS EN 1077 A/ASTM F 2040/TUV GS.","Rozmiar: 56-58      ","szt.",1,{"v":420,"d":"420.00"},{"v":420,"d":"420.00"},{"v":516.6,"d":"516.60"},{"v":516.6,"d":"516.60"},"CSMW"]
[133,"Rękawice treningowe - sportowe męskie","Uniwersalne rękawiczki termoaktywne najlepiej wykonane w technologii bezszwowej z dwuwarstwowej, oddychającej dzianiny. Wewnętrzna warstwa powinna szybko odprowadzać wilgoć od skóry, dzięki czemu skóra pozostaje sucha. Idealnie mają dopasować  się do dłoni. Dzianina antystatyczna – nie elektryzująca  się, antyalergiczna – nie powodująca  uczuleń i podrażnień oraz bakteriostatyczna –co nie wchłania brzydkich zapachów. Powinny posiadać specjalny splot włókien dzięki czemu rękawiczki nie prują się. Aktywność: bieganie, rower i sporty zimowe. Kolor proponowany czarny. Produkt równoważny lub o parametrach nie gorszych niż rękawiczki termoaktywne marki  Craft Thermal Glove czarne.","Rozmiar:      L x 4          XL x 1","para",5,{"v":45,"d":"45.00"},{"v":225,"d":"225.00"},55.35,276.75,"CSMW"]
[134,"Strój sportowy męski","Strój sportowy męski (komplet) powinien składać się z koszulki z krótkim rękawem (kolor czarny) oraz krótkich spodenek (kolor seledynowy). Całość powinna być wykonana z wysokiej jakości materiału Dri-FIT, który zapewni suchość i komfort użytkowania. Na plecach koszulki panel z siateczki zapewniający wentylację.Trójkątne wcięcie pod szyją zapewni swobodę ruchów. Kontrastowe panele kolorystyczne na rękawach. Logo CSMW na lewj piersi wykonane metodą haftu komputerowego 3D o wym. 8x6cm. Na plecach koszulek numeracja od 2 do 15 wykanana folią termotransferową Flock w kolorze seledynowym taki sam jak spodenki sportowe                                . Spodenki sportowe: proste nogawki, z wstawkami również najlepiej z materiału Dri-FIT które zapewnią dobre odprowadzanie wilgoci. Nogawka o długości około 23 cm co ma  zapewniać optymalną osłonę. Elastyczny pas z regulowanym ściągaczem. Produkt równoważny lub o parametrach nie gorszych niż Strój sportowy męski Nike Dry Park Derby II. Kod produktu: 894312-010.\n\n\n","Rozmiar:    S x 2          M x 5         L  x 5         XL x 2","kpl.",14,{"v":119,"d":"119.00"},{"v":1666,"d":"1666.00"},146.37,2049.18,"CSMW"]
[135,"Obuwie do biegania męskie","Buty męskie do biegania. Powinny zapewniać komfort biegacza i właściwą wentylację – wilgoć wytwarzana przez stopy w trakcie biegu musi być odprowadzana na zewnątrz. Giętka i trwała podeszwa powinna być wykonana z najwyższej jakości mieszanki i wyposażona w bieżnik dający świetną przyczepność. Cholewka polecana - jednoczęściowa, bez szwów, zapewniająca maksymalny komfort podczas treningu.                                                             Wkładka jak najcieńsza i elastyczna, doskonale dopasowująca się do kształtu stopy. Kolor preferowany czarny. Produkt równoważny lub o parametrach nie gorszych niż buty Air Zoom Structure 22 AA1636 002 ","Rozmiar:   41 x 2     42,5 x 3    43 x 3       44 x 6     44,5 x 2     45,5 x 3    46 x 2       47 x 1","para",22,{"v":299,"d":"299.00"},{"v":6578,"d":"6578.00"},367.77,8090.94,"CSMW"]
[136,"Poręcze gimnastyczne","Męskie poręcze gimnastyczne równoległe z regulacją wysokości. Polecane owalne poprzeczki o długości ok. 345 cm  i wykonane z drewna warstwowego o wysokiej gęstości. Podstawa powinna być dobrze wyważona o wymiarach 255×153 cm i grubości około 7 cm, co zapewni maksimum stabilności. Proponowana regulacja wysokości poręczy skokowo co 5 cm w zakresie 105 - 195 cm. Szerokość między poręczami około 53 – 57 cm. Poręcze powinny spełniać wymagania normy PN-EN 914:2008. Produkt równoważny lub o parametrach nie gorszych niż Poręcze równoległe męskie (treningowe). Kod produktu: GS-199.",null,"szt.",1,{"v":8000,"d":"8000.00"},{"v":8000,"d":"8000.00"},{"v":9840,"d":"9840.00"},{"v":9840,"d":"9840.00"},"CSMW"]
[137,"Rękawice narciarskie","Rękawice nariarskie męskie najlepiej wykonane z powłoki teramicznej. Skóra preferowana .\nPodszewka polecana 100% poliester co ma sprawić, że rękawica ​​będzie cały czas sucha. Rękawica powinna być wykonana ze zintegrowanego systemu wyzwalania pętli dla maksymalnego bezpieczeństwa i komfortu. Najlepiej aby były wbudowane pady i ochraniacze, które zapewnią bezkompromisową wydajność podczas treningów. Oddychająca membrana Gore-Tex która ma zapewnić komfort użytkowania. Woda oraz wilgoć ma nie dostawać  się do środka rękawicy, natomiast pot ze środka bez problemu ma  wydostawać  się na zewnątrz a dłonie zawsze mają  pozostać ciepłe i suche. Kolor polecany czarny. Produkt równoważny lub o parametrach nie gorszych niż rękawice LEKI Leki Progressive 3 S lime.    ","Rozmiar:          8,5 x 1","para",1,{"v":280,"d":"280.00"},{"v":280,"d":"280.00"},{"v":344.4,"d":"344.40"},{"v":344.4,"d":"344.40"},"CSMW"]
[138,"Obuwie do tenisa ziemnego","Buty do tenisa powinny posiadać system Dynamic Fit oraz przewiewną cholewkę, dzięki czemu zapewnią doskonałe dopasowanie. Podeszwa zewnętrzna powinna być dopasowana do gry na kortach ziemnych. Polecana miękka pianka, która zamortyzuje każdy krok. Preferowany bieżnik w jodełkę zapewni doskonałą przyczepność na kortach ziemnych. Siateczka i materiały syntetyczne odpowiadają za przewiewność, lekkość i dopasowanie. Gęsty splot siateczki zapobiegnie dostawaniu się pyłu do wnętrza buta.\nWyściełany kołnierz. Kolor polecany Czerń/Jaskrawy zielonożółty/Biel. Produkt równoważny lub o parametrach nie gorszych niż buty do tenisa Nike Court Air Zoom Vapor X.\n ","Rozmiar: 45,5 x 1      ","para",1,{"v":409,"d":"409.00"},{"v":409,"d":"409.00"},503.07,503.07,"CSMW"]
[139,"Obuwie do tenisa ziemnego","Buty do tenisa damskie z polecanym systemem Dynamic Fit i profilowaną obejmą na całej długości stopy co mają zapewniać  idealną kontrolę  gry na kortach ziemnych. Preferowany system co  zapewni idealne dopasowanie do stopy.\nPreferowane wzmocnienie w obszarze śródstopia zapewni boczne wsparcie i stabilność. Podeszwa ma być  z miękkiej pianki co spowoduje lekkość i dynamiczną amortyzację. Zamknięta konstrukcja z siateczki zapobiegnie przedostawaniu się mączki do wnętrza buta. Konstrukcja buta powinna być wykonana z poliuretanu termoplastycznego okalającego zewnętrzną część stopy na całej długości, co zwiększy stabilność na każdym zakręcie i przy każdym uderzeniu. Podeszwa zewnętrzna z bieżnikiem w jodełkę co ma  zapewnić przyczepność na korcie. Guma okalająca palce co ma zwiększać  wytrzymałość i ochronę przed ścieraniem.  Produkt równoważny lub o parametrach nie gorszych niż buty damskie do tenisa Nike Court Air Zoom Vapor X","Rozmiar:  38 x 1      ","para",1,{"v":329,"d":"329.00"},{"v":329,"d":"329.00"},404.67,404.67,"CSMW"]
[140,"Buty do biegania","Buty do biegania powinny zapewniać maksymalną amortyzację, cholewka wykonana z przewiewnej siateczki zapewniająca szybką wentylację. Budowa powinna być dopasowana do anatomicznej budowy stopy. Buty do biegania powinny być wygodne a jednocześnie zapewniać maksymalną ochronę stawów. Podeszwa powinna być amortyzowana dzięki lekkiej piance.  Produkt równoważny lub o parametrach nie gorszych niż Nike Air ZOOM Streak 7","24,5 x 1     27 x 2              27,5 x 2            28 x 1             28,5 x 1       29 x 1","para",8,{"v":400,"d":"400.00"},{"v":3200,"d":"3200.00"},{"v":492,"d":"492.00"},{"v":3936,"d":"3936.00"},"JW2521"]
[141,"Bluza sportowa do BnO","Bluza męska do biegania z długim rękawem. Wykonana z materiału typu SOFT SHELL, rozpinana pod szyją. W górnej części suwaka element zabezpieczający podbródek przed otarciami. Ma posiadać elementy odblaskowe, z tyłu bluzy kieszonka zapinana na zamek. Kolor granatowy. Produkt równoważny lub o parametrach nie gorszych niż Asics LS WINDBLOCK 1/2 ZIP,  bluza do biegania męska","XL x 1            L x 4                M x 3","szt.",8,{"v":200,"d":"200.00"},{"v":1600,"d":"1600.00"},{"v":246,"d":"246.00"},{"v":1968,"d":"1968.00"},"JW2521"]
[142,"Piłka do siatkówki","Piłka do siatkówki powinna być widoczna z dużą sprężystością oraz miękka. Piłka powinna być wykonana z dwóch powierzchni mikrofibry. Produkt równoważny lub o parametrach nie gorszych niż Mikasa V200W.",5,"szt.",1,{"v":250,"d":"250.00"},{"v":250,"d":"250.00"},{"v":307.5,"d":"307.50"},{"v":307.5,"d":"307.50"},"JW2521"]
[143,"Dres reprezentacyjny","Dres reprezentacyjny powinien być wykonany w 100% z poliester. Kolorystyka niebieska lub granitowa. Powinien mieć nie więcej niż 3 loga producenta a odznaka rozpoznawcza 9.dplot winna być usytuowana w rejonie klatki piersiowej. Produkt równoważny lub o parametrach nie gorszych niż Puma Techstripe tricot suit.","S x 1           M x 4             L x 4          XL x 3","kpl",12,{"v":270,"d":"270.00"},{"v":3240,"d":"3240.00"},{"v":332.1,"d":"332.10"},{"v":3985.2,"d":"3985.20"},"JW2521"]
[144,"Obuwie sportowe do biegania","Buty sportowe do biegania  mają być przystosowane do biegania na nawierzchniach asfaltowych, buty mają być wykonane z siateczki która ma zapewnić odpowiednią wentylację , waga około 330 gr. ma posiadać wewnętrzną opaskę która ma poprawić komfort i stabilizacę , podeszwa zewnętrzna ma być podzielona na dwie części wykorzystójąc potocznie nazwę strukturę plastu midu, kolor dominujący czarno- niebieski\nProdukt równoważny lub o parametrach nie gorszych niż buty do biegania Nike AIR ZOOM STRUCTURE 22 ","38 x 1            ","para",12,{"v":320,"d":"320.00"},{"v":3840,"d":"3,840.00"},{"v":393.6,"d":"393.60"},{"v":4723.2,"d":"4723.20"},"6 wog"]
[145,"Obuwie sportowe do biegania","Buty sportowe do biegania  mają być przystosowane do biegania na nawierzchniach asfaltowych, buty mają być wykonane z siateczki która ma zapewnić odpowiednią wentylację , waga około 250 gr., maj posiadać mniejszy język który ma zmniejszyć wagę a zchowując odpowiedni poziom wygody kolor preferowany  beżowo- zielony \nProdukt równoważny lub o parametrach nie gorszych niż buty do biegania Nike AIR ZOMM PEGAASUS 36","Rozmiar:  40,5 x1      38 x1       ","para",2,{"v":320,"d":"320.00"},{"v":640,"d":"640.00"},{"v":393.6,"d":"393.60"},{"v":787.2,"d":"787.20"},"6 wog"]
[146,"buty sportowe ","Buty sportowe męskie. Mają być to buty : ultralekkie i wytrzymałe, mebrana gore-tex, przyczepna podeszwa,agresywny bieżnik, pełna wodoodporność, skuteczna odprowadalność wilgoci , szybkie skuteczne sznurowanie.Produkt równoważny lub o parametrach nie gorszych niż buty Salewa Ultra Flex Mid GTX ",44,"par",1,{"v":380,"d":"380.00"},{"v":380,"d":"380.00"},{"v":467.4,"d":"467.40"},{"v":467.4,"d":"467.40"},"6 wog"]
[147,"buty sporowe ","Buty sportowe męskie. Mają być to buty : ultralekkie i wytrzymałe, mebrana gore-tex, przyczepna podeszwa,agresywny bieżnik, pełna wodoodporność, skuteczna odprowadalność wilgoci , szybkie skuteczne sznurowanie.Produkt równoważny lub o parametrach nie gorszych niż buty Salewa ultra  Train/Down",44,"par",1,{"v":370,"d":"370.00"},{"v":370,"d":"370.00"},{"v":455.09999999999997,"d":"455.10"},{"v":455.09999999999997,"d":"455.10"},"6 wog"]
[148,"skarpety sportowe ","Skarpety sportowe. Mają być przystosowane do każdego rodzaju trningu. Podeszwa ma być amortyzowana, ma posiadać we wkładce materiał zapobiegający z suwaniu się skarpet. Technologia dri-fit materiał około 72 poliestei reszta materiału pozostałe. Kolor biały 10 szt  i czarny 10 szt. Produkt równoważny lub o parametrach nie gorszych niż NIKE Everyday Max Cushioned","Rozmiar:      42-46","par",20,{"v":20,"d":"20.00"},{"v":400,"d":"400.00"},{"v":24.6,"d":"24.60"},{"v":492,"d":"492.00"},"6 wog"]
[149,"piłka do koszykówki","Piłka do koszykówki. Ma być wykonana ze skóry kompozytowej, przeznaczona do gry na hali.  Ma posiadać specjalny system odprowadzania wilgoci zapewniający lepszy chwyt piłki.Produkt równoważny lub o parametrach nie gorszych niż  Piłka spalding tf 1000 legacy.NIKE Everyday Max Cushioned","rozmiar 7","szt.",2,{"v":210,"d":"210.00"},{"v":420,"d":"420.00"},{"v":258.3,"d":"258.30"},{"v":516.6,"d":"516.60"},"6 wog"]
[150,"kostium pływacki damski","kostium kąpielowy damski powinien być świetnie dopasowany, elastyczny. Powinien również mieć zastosowaną technologię Endurance 10 odpowiadającą za wysoką odpornoąć na dzialanie chloru oraz na złużycie. Produkt rónoważny lub o parametrach nie gorszych niż Kostium damski Palacement Medalist Speedo  (blackC152:C154/pink)",40,"szt.",2,{"v":170,"d":"170.00"},{"v":340,"d":"340.00"},{"v":209.1,"d":"209.10"},{"v":418.2,"d":"418.20"},"6 wog"]
[151,"Okładzina do tenisa stołowego","Okładzina  do gry o wysokiej rotacji. Twardość według skali Shore’a powinna wynosić około 32, co umożliwi znacznie bardziej dynamiczną grę z nieco lepszą dokładnością, szybkością i rotacją.   \nRodzaj preferowany:\t gładka.\nRotacja ok. \t11.5\nSzybkość ok. \t13.0                                                             Grubość podkładu 2.1                                                                                       Produkt równoważny lub o parametrach nie gorszych niż okładzina Orthodox linii Tenergy 05 FX.","Kolor:            1x czarna,  1x czerwona","szt.",2,{"v":240,"d":"240.00"},{"v":480,"d":"480.00"},{"v":295.2,"d":"295.20"},{"v":590.4,"d":"590.40"},"6 wog"]
[152,"Piłka futsalowa","Piłka halowa-futsal najlepiej wykonana z elastycznych włókien poliuretanowych. Szyta ręcznie, rozmiar 4 (obwód 62 - 64 cm), waga: 400-440 g specjalna dętka butylowa dająca  przytłumione odbicie, łatwa do kontrolowania. Kolor preferowany: Biel, Niebieski, Seledynowy.\nProdukt równoważny lub o parametrach nie gorszych niż: Select pilka halowa SELECT FUTSAL SUPER FIFA 18 r.4.","Rozmiar: 4","szt.",2,{"v":169,"d":"169.00"},{"v":338,"d":"338.00"},207.87,415.74,"6 wog"]
[153,"Piłka do siatkówki.","Piłka powinna posiadać cechy piłki meczowej. Jej głównym i zasadniczym przeznaczeniem jest gra na zamkniętej hali sportowej.W zależności od ciśnienia, masa powinna  wynosić ok.. 260-280 gramów, z wysokiej jakości tworzywa sztucznego, które łączy w sobie wysoką jakość, znakomite właściwości podczas gry oraz świetną przyczepność. Produkt równoważny lub o parametrach nie gorszych niż PIŁKA DO SIATKÓWKI MIKASA V300W",null,"szt.",3,{"v":178,"d":"178.00"},{"v":534,"d":"534.00"},218.94,{"v":656.8199999999999,"d":"656.82"},"6 wog"]
[154,"Spodnie zimowe ","Spodnie męskie.  Mają być to spodnie:                        -które mają chronić przed wiatrem,dezszczem, chłodem  - mają zapewnić sprawną wymianę ciepła                            -zewnętrzny materiał ma być gładki, przyjemny w dotyku                                                                           - mają posiadać klin w kroku który ma zwiększyć zakres ruchu                                                                   - dwie kieszenie boczne i tylne zapinane na zamek, oraz kieszeń udowa zapinana też na zamek.            Produkt równoważny lub o parametrach nie gorszych niż spodnie Winter Trail","L","szt.",1,{"v":340,"d":"340.00"},{"v":340,"d":"340.00"},{"v":418.2,"d":"418.20"},{"v":418.2,"d":"418.20"},"6 wog"]
[155,"lotka do badmintona","Lotka do badmintona. Ma być przeznaczona do profesjonalnej gry ze średnimi prędkościami lotów, wysokiej jakości materiał który ma gwaranować trwałość i solidność wykonania.Produkt równoważny lub o parametrach nie gorszych niż lotka do badbintona spokey schoot blu.",null,"szt.",150,{"v":3,"d":"3.00"},{"v":450,"d":"450.00"},3.69,{"v":553.5,"d":"553.50"},"6 wog"]
[156,"piłka do tenisa ziemnego","Piłka do tenisa ziemnego.Ma to być piłka ciśnieniowa która ma zapewnić doskonałe czucie podczas gry technologia piłki ma uniemozliwić utratę powietrza z wnętrza piłki, oraz ma zawierać takie walory żeby odbijała się przewidywalnie. Produkt równoważny lub o parametrach nie gorszych niż Wilson C                                                                                                                                                                                                                                                                                                                                                                                                                                                                                                                                                                                                                                                                                                                                                                                                                                                                                                                                                                                                                                                                                                                                                                                                                                                                                                                                                                                                                                                                                                                                                                                                                                                                                                                                                                                                                                                                                                                                                                                                                                                                                      hampionship",null,"opak       (4 szt.)",40,{"v":18,"d":"18.00"},{"v":720,"d":"720.00"},22.14,{"v":885.6,"d":"885.60"},"6 wog"]
[157,"dres sportowy ","Dres sportowy męski dwuczęściowy. Bluza z kapturem   rozpinana ma posiadać dwie kieszenie zapinane na zamek. Spodnie z kieszeniami i zwężanymi nogawkami rozpinanymi z boku. Materiał 100% poliester. Kolor błękitno granatowy.Produkt równoważny lub o parametrach nie gorszych niż Dres Saller Ultimate ","Mx2          Lx 4           XLx 4                XXx2","kpl",12,{"v":220,"d":"220.00"},{"v":2640,"d":"2,640.00"},{"v":270.6,"d":"270.60"},{"v":3247.2,"d":"3247.20"},"6 wog"]
[158,"Bluza sportowa ","Bluza sportowa ortalionowa. Bluza ma posiadać koptur chowany w kołnierzu,dwie boczne kieszenie, rozpinana w całości na zamek. O wewnątrz powinna  posiadać siateczkę zapewniającą lepszą oddychalność Kolor blękitno granatowy.Produkt równoważny lub o parametrach nie gorszych niż bluza  Saller Ultimate ","Mx2          Lx 4           XLx 4                XXx2","szt",12,{"v":130,"d":"130.00"},{"v":1560,"d":"1,560.00"},{"v":159.9,"d":"159.90"},{"v":1918.8,"d":"1918.80"},"6 wog"]
[159,"bluza sportowa","Bluza sportowa . Bluza ma posiadać koptur ,dwie boczne kieszenie, rozpinana w całości na zamek. Materiał powinien być oddychający i dobrze odprowadzający wilgoć, posiadać klin pod pachami dla większej swobody , elastyczną dolna krawedź co ma spowodować dobre przyleganie bluzy do ciała..Produkt równoważny lub o parametrach niż Bluza Salewa Solid Logo Dry  Full-Zip Hody ","L","szt.",1,{"v":180,"d":"180.00"},{"v":180,"d":"180.00"},{"v":221.4,"d":"221.40"},{"v":221.4,"d":"221.40"},"6 wog"]
[160,"klapki basenowe ","Męskie klapki basenowe mają być wyposażone w specjalne kanaliki odprowadzające wodę , pianka amortyzująca co ma spowodować że stopa podczs chodzenia pozostaje w miejscu, podniesiona pięta klapków , paskowa cholewka ..Produkt równoważny lub o parametrach nie gorszych niż  Męskie klapi Hydrofit Man Hook Arena ","42x2              43x1               44x2","par",5,70,{"v":350,"d":"350.00"},{"v":86.1,"d":"86.10"},{"v":430.5,"d":"430.50"},3411]
[161,"klapki basenowe ","Damskie klapki  basenowe  , pianka amortyzująca co ma spowodować że stopa podczs chodzenia pozostaje w miejscu, miękka amortyzująca wkładka doskonała przyczepnośc do podłoża .Produkt równoważny lub o parametrach nie gorszych niż Damski  klapki Athena Woman hook Arena ","2 x 40,5         ","par",2,80,{"v":160,"d":"160.00"},{"v":98.4,"d":"98.40"},{"v":196.8,"d":"196.80"},3411]
[162,"legginsy długie letnie ","leginsy męskie do biegania o dopasowany kroju powinny posiadać elemęty odblaskow . Materiał ma odprowadzać wilgoć i szybko schnąć zapewniając komfort podczs biegu,  zamki w nogawkach, dodatkową wentylację siatkową oraz mieć laminowaną kieszeń Materiał okoł. 78% poliester, Elastan 22%. Kolor Czarny.Produkt równoważny lub o parametrach nie gorszych niż Legginsy męski Asics leit szoł 2 Tight ","Lx3              XLx1","szt",4,220,{"v":880,"d":"880.00"},{"v":270.6,"d":"270.60"},{"v":1082.4,"d":"1082.40"},3411]
[163,"legginsy długie letnie ","leginsy damskie  do biegania o dopasowany kroju powinny posiadać elemęty odblaskow . Materiał ma odprowadzać wilgoć i szybko schnąć zapewniając komfort podczs biegu,  zamki w nogawkach, dodatkową wentylację siatkową oraz mieć laminowaną kieszeń Materiał okoł. 78% poliester, Elastan 22%. Kolor Czarny.Produkt równoważny lub o parametrach nie gorszych niż Legginsy dasmskieAsics leit szoł 2 Tight ","MX2                   ","szt",2,220,{"v":440,"d":"440.00"},{"v":270.6,"d":"270.60"},{"v":541.2,"d":"541.20"},3411]
[164,"spodnie do biegania ","spodnie do biegania męski o dopasowany kroju powinny posiadać elemęty odblaskow . Materiał ma odprowadzać wilgoć i szybko schnąć zapewniając komfort podczs biegu,dwie boczne kieszenie, udowa kieszonka z zamkiem na klucze. Materiał okoł.84% polimad ,16 elastan, podszewka 100% poliester.Kolor czarny.Produkt równoważny lub o parametrach nie gorszych niż spodnie dynafit hybrid.  .","L","szt",1,230,{"v":230,"d":"230.00"},{"v":282.9,"d":"282.90"},{"v":282.9,"d":"282.90"},"6 WOG"]
[165,"Bluza do biegania"," Bluza do biegania damska ma być wykonana w połączeniu polamidu. poliestru i elastanu , ma być to materiał szybkoschnący i odprowadzający nadmiar wilgoci , krótki zamek błyskawiczny umożliwiający ekspresową wentylację , ochrona przed szkodliwymi promieniowaniem UV, dopasowana do sylwetki kobiecej, konstrukcja bluzy o właściwościach rozciągliwych i zapewniająca swobodę ruchu Kolor niebiesko granatowy.   Produkt równoważny lub o parametrach nie gorszych niż bluza damska Dynafit Elwation Tee- poseidon","L","szt.",2,240,{"v":480,"d":"480.00"},{"v":295.2,"d":"295.20"},{"v":590.4,"d":"590.40"},"6 WOG"]
[166,"skarpety sportowe"," Skarpety do biegania. Mają posiadać Lekka amortyzacja w okolicy pięty i palców , system odprowadzania wilgoci, lekkie, ergonomiczny krój, spiralne logo, płaskie szwy na palcach.Skarpety sportowe. Produkt równoważny lub o parametrach nie gorszych niż  ASICS LIGHTWEIGHT RUNNING Nr stylu: 130888.0001 2pary/op.","43 -46","par",5,35,{"v":175,"d":"175.00"},43.05,215.25,"6 WOG"]
[167,"kurtka sportowa","Kurtka sportowa męska . Ma to być kórtka o dopasowanym kroju, ocieplona,wiatroszczelna  , wodoodporna konstrukcja.Ponadto powinna posiadać izolację taką która utrzymuje  ciepło, wygodnny i dopasowany kapturktóry posiada elastyczne wiązania. Zapinana  na  zamek oraz posiadająca dwie kieszenie bocznePowinna posiadać takie walory jak wysoka izolacja odbijania ciepła. Produkt równoważny lub o parametrach nie gorszych niż Kurtka męska  Puez TirolWool Celliant Hood Salewa ( ombre blue)","L","szt.",1,380,{"v":380,"d":"380.00"},{"v":467.4,"d":"467.40"},{"v":467.4,"d":"467.40"},"6 WOG"]
[168,"Bluza do biegania ","Męska bluza do biegania.Ma to być wodoodporna bluza typu softshell, dopasowany kaptur, ma posiadać zintegrowany kaptur z zapięciem przy brodzie, dwie kieszenie piersiowe zapinane na zamek,elemęty odblaskowe, wyprofilowane rękawy, elastycznie obszyte rękawy.Produkt równoważny lub o parametrach nie gorszych niż Softshell salewa Puez 2 dst m fz hdy/ poseidon.","L                ","szt",3,360,{"v":1080,"d":"1,080.00"},{"v":442.8,"d":"442.80"},{"v":1328.4,"d":"1328.40"},"6 WOG"]
[169,"czapka  letnia ","czapka letnia z daszkiem. Ma być wykonana  z bardzo dobrej oddychającej tkaniny, w miejscach których najbardziej się pocimy ma być zastosowana siateczka. Produkt równoważny lub o parametrach nie gorszych niż Inov-8 Race Elite Peak ",null,"szt.",3,80,{"v":240,"d":"240.00"},{"v":98.4,"d":"98.40"},{"v":295.2,"d":"295.20"},"6 WOG"]
[170,"czapka zimowa ","Czapka zimowa sportowa. Ma posiadać dobre walory oddychające, wełnian, podszyta opaską z polaru dobrze dogrzewającą uszy. Kolor  dominujący niebieski. Produkt równoważny lub o parametrach nie gorszych niż czapka Dynafit Hand Knit. ",null,"szt.",3,160,{"v":480,"d":"480.00"},{"v":196.8,"d":"196.80"},{"v":590.4,"d":"590.40"},"6 WOG"]
[{"$nulls":7},{"v":176668.26260162602,"d":"176668.26"},{"v":72556.94649999999,"d":"72556.95"},{"v":217301.9630000001,"d":"217301.96"}]

{"sheet":"Arkusz1","index":1,"n_rows":134,"n_cols":10,"rows_kept":134,"merged":[[0,1,0,2]],"flags":["formulas_cached_only"]}
[null,"FORMULARZ CENOWY",{"$nulls":6},"Zał. Nr 2"]
[null,"Nazwa przedmiotu","Opis przedmiotu zamówienia","Rozmiar","J.m.","Ilość","Nazwa produktu, model,typ,kod produktu","Cena jed. Netto","Cena jed. Brutto","Wartość Brutto"]
["1.","Buty sportowe damskie","Buty damskie. Mają być wykonane z materiału syntetycznego i tekstylnego. Cholewka ma mieć siateczkę syntetyczną z perforacjami. Podeszwa z gumy z pianką ma zastosowanie w biegach po asfalcie. Element odblaskowy na tylnej części buta. Waga około 263g. Produkt równoważny lub o parametrach nie gorszych niż buty NIKE AIR ZOOM PEGASUS 36 kolor. Niebieski  \n","24,5 cm - 2         25 cm - 2                    25,5 cm  -2                   26  cm  - 2                  26,5 cm - 2           ","para",10]
["2.","Obuwie sportowe do biegania ","Buty do biegania męskie. Buty wodoodporne, cholewka wykonana z siateczki. Podeszwa z gumy z pianką ma mieć zastosowanie w biegach po asfalcie. Element odblaskowy na tylnej części buta. Waga 263g. Produkt równoważny lub o parametrach nie gorszych niż buty Nike Air Zoom Pegasus 36 FlyEase kolor niebieski ","27 cm - 2              27,5cm - 2                    28 cm   - 4                   28,5cm  - 5                  29 cm    - 1           ","para ",14]
["3.","Obuwie sportowe","Buty męskie  z białą podeszwą. Cholewka ma być wykonana z materiału syntetycznego. Waga około 270g. Wysokość 12cm. Grubość podeszwy 3,5cm. Produkt równoważny lub o parametrach nie gorszych niż buty Nike Air Zoom Winflo 7                                               ","27 cm - 2              27,5cm - 3                    28 cm   - 3                   28,5cm - 2                              29,5cm - 1","para",11]
["4.","Obuwie sportowe do tenisa","Obuwie do tenisa ziemnego .Buty powinny charakteryzować się  świetną amortyzacją, stabilizacją podeszwy oraz dopasowaniem i elastycznością.Podeszfa powina być wykonana z materiału solyte zapewniajocego sprężystość i trwałość  który zapewnia jak największą absorpcje wstrząsów.Język ma być skonstruowany tak aby  uniemożliwiaj dostanie się do wnętrza buta kamyków lub mączki.But powinien być w całości wykonany z  wysoce odpornej na ścieranie gumy,oraz posiadać wzmocnione elementy gumowe na przedniej częśći podeszwy.Wskazana kolorystyka główny kolor czerwony z czarnymi wstawkami.Produkt równoważny lub o parametrach nie gorszych niż Asics Gel-Challenger 12 Clay - cherry tomato/black.","28 cm-1","para",1]
["5.","Obuwie sportowe halowe "," Buty powinny być przeznaczone na hale posiadać leką syntetyczną cholewke ,cienki nieuwierajacy jezyk,wzmocnienia wokół palców wytrzymała podeszwe z gumy nie brudzacej podłoza oraz   elastyczne gumowe poduszki pod stopą sięgające nieco poniżej podeszwy, dzięki czemu zapewniają lepsze czucie i amortyzację.                                                                      Produkt równoważny lub o parametrach nie gorszych niż Buty męskie halowe Nike React Gato CT0550  ","28,5 cm","para",1]
["6.","Obuwie sportowe   ","Buty męskie z elementami czarnymi. Wykonane mają być z: cholewka - skóra eko; wyściółka - materiał tekstylny; podeszwa - guma. Wysokość przed kostkę. Waga ok. 660g. Produkt równoważny lub o parametrach nie gorszych niż MĘSKIE BUTY SPORTOWE Buty Adidas Terrex Swift Solo EF0363 ","27,5cm - 1                28,0cm - 2       28,5cm - 1                 29,5cm - 2","para",6]
["7.","tablica do kosza treningowa/konstrukcja stała do koszykówki","Tablica treningowa powina być  kompletną konstrukcją do koszykówki posiadać podstawe balastową zapewniającą stabilność możliwość wypełnienia wodą z kontrolą jej poziomu, posiadać  czworokątny, trzyczęściowy system słupków o średnicy 10 cm tablica powinna być wykonana z przezroczystego akrylu rama i podkładka tablicy powinna być wykonana z litego aluminium posiadać  solidną obręcz uchylna nierdzewna i odporna na warunki atmosferyczne , posiadać system podnoszenia Screw Jack ,Wymiary jakie powinnien posiadać : Waga: 69 kg Wysokość całkowita: 385 cm Wysokość obręczy regulowana w zakresie: 228 - 305 cm Offset (wysięg tablicy od konstrukcji): 41 cm Tablica: 81 x 137 cm Podstawa: 86 x 135 cm Rozmiar paczki: 142 x 92,5 x 38,5 cm. Produkt równoważny lub o parametrach nie gorszych niż  SPALDING nba platinum konstrukcja kosz koszykówki.",null,"szt.",2]
["8.","Płetwy treningowe","Płetwy trningowe powiny być wykonane ze stuprocentowego, podwójnie gęstego hipoalergic znego silikonu, z  miękką kieszenią  na stopę zapewniającą  użytkownikowi dużą praktyczność. Produkt równoważny lub o parametrach nie gorszych niż Płetwy treningowe Speedo Biofuse Fin.                                  ","30cm- 1    32cm-1","szt.",2]
["9.","Piłka do koszykówki ","Piłka koszykowa profejsonalna. Powinna być wykonana z najwyższej jakości skóry kompozytowej, posiadać balon – najwyższej jakości , który utrzyma ciśnienie piłki, w specjalistycznym, nylonowym oplocie –( nylonowe żyłki które nadają piłce integralność i trwałość.)                            Produkt równoważny lub o parametrach nie gorszych niż Piłka do koszykówki SPALDING NBA Grip Control                        \n",null,"szt",5]
["10.","Wiosełka pływackie ","Wiosełka pływackie powinny pomagać w pionizacji ramienia czyli utrzymaniu \"wysokiego łokcia\", trzymać nadgarstek, przedramię i łokieć w optymalnej pozycji podczas całego cyklu, wymiary Długość 31 cm, szerokość 14 cm, materiał  polipropylen silikon.  Produkt równoważny lub o parametrach nie gorszych niż FINIS Wiosełka pływackie BOLSTER PADDLES  ",null,"szt.",2]
["11.","Lotka do badmintona"," Lotki powinny być wykonane z najwyższej jakości wyselekcjonowanych gęsich piór przenaczone do rozgrywania turnieji . Produkt równoważny lub o parametrach nie gorszych niż Lotki piórowe Dunlop Aeroflite 5 12szt ",null,"szt.",4]
["12.","Gumy do cwiczeń - rozciągania ","Gumy do cwiczeń - rozciągania. Powinien to być  zestaw 5 gum o 5 stopniach oporu   - źółta (opór bardzo lekki)\n wymiary 208cm x 6,35mmx4,5mm\nCzerwona ( opór lekki) 208cm x 12,7mmx4,5mm\nCzarna (opór średni) 208cm x 20,6mmx4,5mm\nFioletowa (opór mocny) 208cm x 31,75mmx4,5mm\nZielona (opór b. mocny) 208cm x 44,5mmx4,5mm                                              Produkt równoważny lub o parametrach nie gorszych niż GUMY DO ĆWICZEŃ POWER BAND (ZESTAW) – 5 TAŚM - 5 OPORÓW                                 \n",null,"szt.",2]
["13.","Drabinka kordynacyjna ","Drabinka musi mieć możliwość podwyższenia stopni, może służyć jako standardowa drabinka a jednocześnie jako małe płotki.drabinka ma być wykonana z twardego plastiku składać sie z 10 szczebli rególowanych , długość całkowita po rozłożeniu: 372cm ,szerokość rozłożonej drabinki: 63cm\nszerokość podwyższonej drabinki: 46cm Wysokość stopni: 11cm.\nProdukt równoważny lub o parametrach nie gorszych niż Podwyższona drabinka koordynacyjna 10 stopni. \n\n",null,"szt",2]
["14.","Rakietka do badmintona ","Rakieta do badmintona  powinna być z wysokiej jakości stali, co gwarantuje jej wytrzymałość spełniać  parametry: Flex: Sztywna, Rama: Aluminium, Shaft: Stal, Waga/Grip: U (Śred.98g) G4.                                                                 Produkt równoważny lub o parametrach nie gorszych niż Yonex GR-360 Orange - rakieta do badmintona\n",null,"szt",4]
["15.","Skrzynia plyometryczna ","Skrzynia plyometryczna powinna być wykonana z materiał  drewno (sklejka)grubość sklejki [mm]: 15, waga [kg]: 10, wymiary [cm]: 30 / 40 / 50 oraz posiadać dodatkowe wzmocnienia wewnętrzne:                                                     Produkt równoważny lub o parametrach nie gorszych niż \n skrzynia plyometryczna 30x40x50 crosfit trening.\n\n\n\n\n","30x40x50cm","szt.",2]
["16.","Obuwie sportowe do siatkówki (męskie)","Obuwie przeznaczone do treningów na hali. Ze względu na  specyfikę sportu buty powinny charakteryzować się niską wagą i zapewniać doskonała  amortyzację i stabilizację. Obuwie wysokie z usztywnieniem stawu skokowego dla wysokiej stabilności stopy. Podeszwa powinna zapewniać świetną przyczepność, zwłaszcza przy ruchach bocznych.  Powłoka buta powinna  zapewniać oddychalności i komfort wierzchniej części buta. Obuwie powinno posiadać system wentylacji umieszczony na całej długości podeszwy środkowej, redukujący ciepło i wilgoć gromadzoną wewnątrz buta. Odpowiednie żłobienia pod stopą zapewniające szybkie i wielokierunkowe przesunięcie ciężaru ciała.  Kolor dominujący biały z elementami niebieskiego. Produkt równoważny lub  o parametrach nie gorszych niż Mizuno Wave Ligihting Z6 Mid. ","Euro 46,5 (30,5 cm) - 1 para              Euro 45 (29,5 cm)    - 2 pary                  Euro 44,5  (29 cm)   - 1 para                Euro 44 (28,5 cm)    - 6 par                    Euro 42,5 (27,5 cm) - 2 pary             Euro 42 (27 cm )      - 1 para","para",13]
["17.","Leginsy długie letnie ","Leginsy  biegowe powinny mieć dopasowany krój, dzięki  specyficznej gospodarce wilgocią powinny gwarantować wysoki komfort. leginsy  powinny być regulowane w pasie za pomocą ściągacza oraz wykonane z miękkiej i elastycznej tkaniny. Dodatkowo leginsy powinny posiadać odblaskowe elementy zwiększające widoczność po zmroku. Kolor dominujący czarny. Produkt równoważny lub o parametrach nie gorszych niż Asics Legginsy Icon Tigiht 2011B050. .","XL x 2                           L x 3                        M x 3                       S x 2","szt.",10]
["18.","Skarpety sportowe (do siatkówki) ","Skarpety powinny posiadać oddychający materiał zapewnia odprowadzenie wilgoci. Kolor dominujący biały. Produkt o parametrach nie gorszy niż skarpety Mizuno Volley Medium","44-46 - 10 pary                     41-43 - 4 pary","para",14]
["19.","Obuwie sportowe","Obuwie sportowe powinno zapewniać optymalną przyczepność na różnego typu nawierzchniach z wkładką amortyzującą, idealnie dopasowującą się do stopy oraz zapewniająca trwałą wentylację. Obuwie w swojej strukturze powinno zawierać dodatkowe mocniejsze włókna, co ma zapobiegać rozdzieraniu się materiału.  Podeszwa buta powinna być wykonana z tworzywa o strukturze pianki odpornej na mróz i na ścieranie. Kolor dominujący czarny.    Produkt o parametrach nie gorszy niż buty Salomon Supercross Blast.","Euro 46 2/3 (30,3 cm)    - 1 para     Euro 45 1/3  (29,5 cm) - 1 para                           Euro 42 2/3  (28 cm)   - 2 pary    Euro 42   (27,5 cm)   - 1 para                 ","para",5]
["20.","Bielizna termoaktywna zimowa (koszulka z dł. rękawem, leginsy) ","Bielizna powinna zawierać  warstwy odprowadzającą wilgoć, bakteriostatyczną. Powinna dopasowywać się do kształtu ciała, zapewniać termoregulację oraz ochronę mechaniczną.  Produkt powinien być wykonany z lekkiego poliestru oraz poliamidu. Preferowany kolor czarny. Produkt o parametrach nie gorszy bielizna termoaktywna Brubeck ","XL - kpl.","kpl.",1]
["21.","Getry Piłkarskie ","Skarpety powinny posiadać oddychający materiał zapewnia odprowadzenie wilgoci.Kolor dominujący biały.Produkt o parametrach nie gorszy niż skarpety Mizuno Volley Medium.\n","40-46 ","para.",18]
["22.","Piłka futsalowa.","Powinna zawierać model piłki nożnej z niskim odbiciem, której głównym zastosowaniem jest gra na hali. Dominujące wykonananie, topoliuretan. Piłka powinna być ręcznie szyta ,  stworzona z kilku warstw materiału. Bardzo wytrzymała i odporna na uszkodzenia mechaniczne różnego rodzaju. Produkt równoważny lub o parametrach nie gorszych niż PIŁKA NOŻNA SELECT FUTSAL MIMAS 4","rozmiar 4","szt.",3]
["23.","Piłka do koszykówki ","Piłka do koszykówki powinna posiadać atest FIBA APPROVED. Posiadać ok.12 paneli wykonana z wysokiej jakości gumy poliuretanowej, nylonowe spojenia, butylowa dętka.Produkt równoważny lub o parametrach nie gorszych niż PIŁKA DO KOSZYKÓWKI MOLTEN BGF6X-X ","rozmiar 6","szt.",3]
["24.","Piłka do tenisa ziemnego","Piłka do tenisa ziemnego.Ma to być piłka ciśnieniowa która ma zapewnić doskonałe czucie podczas gry technologia piłki ma uniemozliwić utratę powietrza z wnętrza piłki, oraz ma zawierać takie walory żeby odbijała się przewidywalnie. Produkt równoważny lub o parametrach nie gorszych niż Wilson  championship                                                                                                                                                                                                                                                                                                                                                                                                                                                                                                                                                                                                                                                                                                                                                                                                                                                                                                                                                                                                                                                                                                                                                                                                                                                                                                                                                                                                                                                                                                                                                                                                                                                                                                                                                                                                                                                                                                                                                                                                                                        ",null,"szt.",86]
["25.","Piłeczka do tenisa stołowego ","Piłeczki treningowe.Kolor: białe. Produkt o parametrach zbliżonych lub nie gorszych niż:piłki double circle. .",null,"szt.",100]
["26.","Siatka do tenisa stołowego ","Siatka powinna być zgodna z atestem ITTF.  Produkt powinien zawierać system regulacji do ustawienia optymalnego napięcia siatki, wygodny system mocowania zaciskowego (klips). Preferowany kolor niebieski. Produkt o parametrach zbliżonych lub nie gorszych siatka Victas VC .\n\n",null,"szt.",1]
["27.","Rakieta do tenisa ziemnego","Rakieta do tenisa ziemnego bez naciągu powinna sprawiać,    że zawodnik jest w stanie wygenerować mocne i celne uderzenie. Profil powinien spełniać wymogi współczesnego tenisa, który zapewni czucie, kontrolę oraz pomoże w nadawaniu siły uderzeniom. Rakieta tenisowa z otwartym układem strun 16/19 i wagą około 300 gram oraz nową technologią 360 GRAPHENE  zapewni idealne czucie i redukcję wibracji. Materiał grafit. Kolor preferowany biały.\nSzerokość ramy (profil) ok. 23 mm\nWielkość główki ok. 645 cm2 / 100 in2\nWaga ok. 300 g bez naciągu\nBalans ok. 320 mm\nDługość ok. 685 mm, 27 in\nUkład strun ok. 16/19                                                               Produkt równoważny lub o parametrach nie gorszych niż rakieta tenisowa HEAD GRAPHENE 360 SPEED MP. ","Rączka: G-4","szt.",2]
["28.","Rakieta do tenisa stołowego","Rakieta do tenisa stołowego gotowa z okładziną + pokrowiec.                   Parametry:\n •  deska 7-warstwowa z przekładkami karbonowymi\n •  okładziny ofensywne: ITTF\n •  prędkość: 120\n •  rotacja: 100\n •  kontrola: 80\n •  grubość podkładu: 2,2 mm\n •  waga: 170 gram\n •  rączka (uchwyt) wklęsły\nProdukt równoważny lub o parametrach nie gorszych niż: Butterfly Timo Boll Black.",null,"szt.",4]
["29.","Naciąg do rakiety tenisowej","Naciąg tenisowy powinien być o czterokątnym profilu, który zapewni bardzo dobry dostęp do rotacji i nadawaniu spinu. Bardzo dobrze utrzymuje swoje właściwości. Nadawanie rotacji jest niezwykle łatwe. Duża dynamika uderzeń. \nKolor główny: czarny.  \nDługość naciągu (m): 200.\nWłaściwości: dynamika, rotacja.  \nStruktura preferowana monofilament.  \nMateriał: co-polimerowem. Produkt równoważny lub o parametrach nie gorszych niż naciąg do tenisa DUNLOP NT MAX PLUS 200 m.","Rozmiar: 1.25","szt.",1]
["30.","Naciąg do rakiety tenisowej","Naciąg tenisowy najlepiej o ośmiokątnej konstrukcji rdzenia z gęstego co-polyesteru, który nada piłce eksplodującą rotację i czucie. Pokrycie naciągu powinno być wykonane z silikonu co powoduje, że struny powracają na miejsce po każdym uderzeniu. Kolor preferowany pomarańczowy.Długość naciągu 200m.  Produkt równoważny lub o parametrach nie gorszych niż naciąg tenisowy Yonex Poly Tour Rev (200 m) - orange. ","Rozmiar: 1.20","szt.",1]
["31.","Piłki do tenisa ziemnego","Piłki powinny posiadać wbudowany rdzeń HD Core oraz specjalny filc HD Pro Cloth.Takie połączenie będzie gwarantowało doskonałą grę na różnych nawierzchniach kortów tenisowych w połączeniu z wysoką wytrzymałością. Powinny posiadają atest ITF. Preferowany typ piłki: ciśnieniowa. Produkt równoważny lub o parametrach nie gorszych niż Dunlop Australian Open 4B","tenisa ziemnego","opak (4szt.)",10]
["32.","Lotki do badmintona","Lotki do badmintona z przeznaczeniem do treningu. Preferowane wykonanie: pióra gęsie. Prędkość: 78.          Produkt równoważny lub o parametrach nie gorszych niż lotki piórowe Li-Ning A60. "," ","opak       (15 szt.)",12]
["33.","Kij do unihokeja prawy","Łopatka powinna być wykonana z trwałego materiału i wzmocniona w newralgicznych miejscach.                           Dane techniczne:                                                                Materiał najlepiej carbon.\nZagięcie: prawe\nDługość trzonka z łopatką: 107cm x 5szt. / 111cm x 5szt. /114cm c 4szt. Rękojeść w kształcie owalnym.\nKolor preferowany: biało - czarny.\nProdukt równoważny lub o parametrach nie gorszych niż kij do unihokeja QUEST 2 OVAL FUSION 27 . ","Strona prawa kija 107 x 5 111 x 5 114 x 4 ","szt.",10]
["34.","Kij do unihokeja lewy","Łopatka powinna być wykonana z trwałego materiału i wzmocniona w newralgicznych miejscach. Dane techniczne:                                                                Materiał najlepiej carbon.\nZagięcie: lewe\nDługość trzonka z łopatką: 107cm x 2szt. / 111cm x 2szt. /114cm c 2szt.\nKolor preferowany: biało - czarny.\nProdukt równoważny lub o parametrach nie gorszych niż kij do unihokeja QUEST 2 OVAL FUSION 27 . ","Strona lewa kija 107 x 2 111 x 2 114 x 2","szt.",6]
["35.","Maska nurkowa z fajką do oddychania","Kształt maski nurkowej powinien być idealnie dopasowany w okolicach twarzy a konstrukcja z dzielonym szkłem powinna w pełni zapewnić możliwość korzystania ze szkieł korekcyjnych. Wskazane jest aby maska posiadała system szybkiego dopasowania paska oraz była wyposażona w obrotowe klamry. Natomiast fajka do oddychania powinna posiadać podwójny zawór do odwadniania lub wydmuchiwania fajki a także klips do łatwego mocowania na masce. Materiał: silikon.\nPreferowany kolor: czarno-srebrny. Produkt równoważny lub o parametrach nie gorszych niż maska Aqualung Look 2 + plastikowe pudełko do przechowywania maski z fajką do oddychania Aqualung Air PV Dry.",null,"kpl.",3]
["36.","Płetwy","Płetwy powinny być regulowane, wykonane przynajmniej z trzech różnych materiałów oraz posiadać odczepiane zapięcia przy pięcie. Bardzo ważnym elementem jest aby posiadały specjalne ożebrowanie gdzie osiągnięty zostanie efekt sprężynowego odepchnięcia, a użytkownik będzie miał wysoką kontrolę w wodzie. Wskazane jest aby płytwy posiadały dodatkową kieszeń na stopę zapewniając komfort noszenia oraz uwzględnić można odczepianie zapięcia przy pięcie. Kolor preferowany: 50% niebieski i 50% żółty. Produkt równoważny lub o parametrach nie gorszych niż płetwy męskie Beuchat Power Jet - sprężyny.","Rozmiar:   XL - 1        M - 1         S - 1","para",3]
["37.","Plecak sportowy","Waga produktu ok. 530 g. Pojemność: 24 l. Komora zamykana na suwak. Ilość kieszeni zamykanych na suwak: 2. Możliwość regulowania długości szelek. Maksymalna długość szelek 80. Ilość płaskich kieszeni: 2. Liczba komór: 1. Kolor preferowany granatowy. Produkt równoważny lub o parametrach nie gorszych niż plecak JACK WOLFSKIN Campus 2007481-1010.","Plecak sportowy","szt.",5]
["38.","Kompas na palec do BnO","Kompas kciukowy powinien być wyposażony w grubą podstawę, która zagwarantuje wytrzymałość w bardzo trudnych warunkach pogodowych. Ponadto, powinien być wyposażony w stabilną igłę i szybkę, które pozwolą na łatwe i szybkie znalezienie kierunku podczas biegu. Dokładność odczytu +-1° (17.8 mils); Wymiary 73x88x11 mm. Waga ok. 26 g. Produkt równoważny lub o parametrach nie gorszych niż kompas kciukowy Silva Race Jet. ","Rozmiar: prawy 10 lewy 2","szt.",10]
["39.","Klapki basenowe męskie","Klapki basenowe powinny być wyposażone w system odprowadzania wilgoci a specjalne kanaliki będą dbały o prawidłowy przepływ powietrza.\nPowinny posiadać miękką piankę amortyzującą, która sprawi, że będą lżejsze i ułatwiają utrzymanie równowagi.\nGrubsza podeszwa chroni stopę i gwarantuje lepszą przyczepność na mokrej nawierzchni. Produkt równoważny lub o parametrach nie gorszych niż ARENA KLAPKI HYDROSOFT II MAN HOOK.","Rozmiar:   41 x 2     42,5 x 1       44 x 1       45 x 1         45,5 x 1     47 x 2","para",8]
["40.","Buty sportowe męskie","Męskie buty do biegania z membraną GORE-TEX®, która zapewni suchość i wygodę. Obuwie powinno posiadać wewnętrzną odpinaną wyściółkę, która dopasuje stopę oraz zamortyzuje wstrząsy przy nadepnięciu. Buty powinny posiadać taki system aby precyzyjnie otoczył stopę od podeszwy do sznurowania oraz zapewnił wysoką przyczepność, doskonałe przyleganie na śliskich, mokrych i zaśnieżonych powierzchniach. Materiał: syntetyki i wodoodporna tkanina oddychająca. Buty powinny posiadać zmocniony obcas oraz czubek a także wyściełany język i miejsce wokół kostki. Kolor preferowany niebiesko-czarno-czerwony. Ciężar: ok. 340 g.\nProdukt równoważny lub o parametrach nie gorszych niż buty Salomon Speedcross 5 GTX - Hawaiian Ocean/Night Sky/Cherry Tomato.","Rozmiar:      45⅓ x 1","para",1]
["41.","Buty trekkingowe zimowe męskie","Buty trekkingowe zimowe męskie. Powinny posiadać poduszkę gazową, która umieszczona pod piętą i śródstopiem chroni układ kostno - stawowy i mięśnie. Cholewka najlepiej aby wykonana była ze skóry wraz z membraną Gore-Tex gwarantując stopom komfort cieplny i ochronę w terenie. Na poziomie śródstopia powinna znajdować się płytka z termoplastycznego poliuretanu, która wspiera łuk główny stopy oraz umożliwia rotację śródstopia względem pięty osi strzałkowej. Optymalnie umiejscowiona guma syntetyczna gwarantuje lepszą amortyzację oraz uczucie komfortu w czasie biegu. Guma węglowa bardziej odporna na ścierania, wydłuża żywotność podeszwy. Preferowany kolor: zielony. \nWysokość całkowita buta około 17,5 cm. \nObwód w kostce (najmniejszy rozmiar) około 31,5 cm.\nGrubość podeszwy około 3,5 cm. Sznurówki z materiału. \nObwód cholewki u góry (najmniejszy rozmiar) około 28 cm\nWaga około 610 gram. Produkt równoważny lub o parametrach nie gorszych niż buty trekkingowe Salewa MS MTN Trainer MID GTX 63458-4720.","Rozmiar:   40 x 1     41,5 x 1     44,5 x 1             45 x 1       46 x 1       47 x 1","para",6]
["42.","Obuwie do biegania męskie","Specyfikacja:\n– ok. 4 mm drop dla naturalnego ułożenia stopy,\n– wierzch powinien być wykonany z materiałów syntetycznych  oraz siateczki,\n– formowany zapiętek,\n– gumowa podeszwa zewnętrzna,\n– sznurowane zapięcie zapewni stabilizację stopy.\nNajlepiej aby amortyzacja podeszwy buta została wykonana w technologii Abzorb. Wykonanie obuwia z polimeru komponent będzie absorbować oraz rozpraszać energię powstającą przy uderzeniu buta o podłoże. Kolor najlepiej niebieski. Produkt równoważny lub o parametrach nie gorszych niż buty New Balance M520v7 - M520LN7.","Rozmiar:   40 x 2      41,5 x 2      42 x 2       43 x 2         44 x 4     44,5 x 2     45 x 2       46 x 2       47 x 2","para",20]
["43.","Obuwie sportowe do piłki nożnej halowej","Konstrukcja podeszwy o wysokiej elastyczności i perfekcyjnej przyczepności. Budowa cholewki najlepiej z materiału syntetycznego powodując, że buty są lekkie i komfortowe w użytkowaniu. Powinny cechować się także dobrą oddychalnością – powstająca w czasie wysiłku wilgoć jest efektywnie odprowadzana na zewnątrz buta. Buty powinny posiadać klejoną i dodatkowo szytą podeszwę oraz specjalizować się  znakomitą zwrotnością. Kolor: Czarny-biały.  Produkt równoważny lub o parametrach nie gorszych niż buty do piłki nożnej JOMA TOP FLEX 301 IN. ","Rozmiar:     1 x 46         1 x 47","para",2]
["44.","Obuwie do tenisa ziemnego męskie","Buty tenisowe najlepiej o specjalnie wyprofilowanej podeszwie zewnętrznej dla lepszej kontroli, stabilności i przyspieszenia. Cholewka może być wykonana z bardzo lekkiej a jednocześnie wytrzymałej syntetyczne skóry oraz oddychajacego materiału meshowego, który zabezpiecza przed ścieraniem przednie części. Buty powinny być dopasowanie od pięty do palców aby poprawić czucie w poruszaniu się po korcie. Waga buta około 420 gram. Wewnętrzna wkładka powinna być przewiewna, komfortowa, odprowadzająca wilgoć na zewnątrz, zapewniajaca dodatkową amortyzację, likwidujaca przykre niepożądane zapachy. Podeszwa zewnętrzna powinna być wykonana z bardzo wytrzymałej o znakomitej trakcji i przyczepności gumy.  Buty przeznaczone do gry na różnych nawierzchniach. Produkt równoważny lub o parametrach nie gorszych niż Buty Tenisowe Nike Court Zoom Vapor 9.5 Tour. ","Rozmiar:   46 x 3       47 x 1","para",4]
["45.","Obuwie do piłki koszykowej męskie","Buty powinny wykazywać się dużą sprężystością amortyzacji oraz posiadać bieżnik w jodełkę, który zapewni zawodnikowi doskonałą przyczepność podczas gry.\nWykonanie - skóra naturalna i syntetyczna oraz tkaniny lekkie, trwałe z pewnością zapewnią pełne bezpieczeństwo.\nGumowa podeszwa zewnętrzna powinna być podzielona na dwie części, aby zmniejszyć wagę buta.\nSiodełko w śródstopiu wskazane aby łączyło się ze sznurowadłami, pomagając utrzymać właściwe ustawienie stopy. Kołnierz wyściełany o średniej wysokości doskonale wesprze kostkę. Produkt równoważny lub o parametrach nie gorszych niż buty do koszykówki Jordan React Elevation (CK6618-004). ","Rozmiar:   41 x 1     47 x 1 ","para",2]
["46.","Dres sportowy do biegania męski","Dres sportowy męski, który doskonale sprawdzi się w różnych warunkach pogodowych, na treningach w terenie i na zajęciach na hali. Bluza z kapturem ze sznurkiem do regulacji zapinana na suwak YKK na całej długości zapewniający bezproblemowe i długotrwałe działanie, kieszenie na dole po bokach, szerokie ściągacze na rękawach i dole bluzy. Dwie kieszenie w spodniach, nogawki zwężane, z szerokim ściągaczem. Zwężone nogawki. Materiał: ok. 70% baweła 30% poliester. Dres powinien być ocieplony od wewnątrz.Kolor granatowy.\nProdukt równoważny lub o parametrach nie gorszych niż dres  Adidas męski  bawełniany bluza z kapturem rozpinana spodnie Core 18 FT8069 / CV3753.","Rozmiar:    M x 2          L x 2         XL x 1      XXL x 1","kpl.",6]
["47.","Leginsy długie letnie ","Leginsy  biegowe powinny mieć dopasowany krój, dzięki  specyficznej gospodarce wilgocią powinny gwarantować wysoki komfort. leginsy  powinny być regulowane w pasie za pomocą ściągacza oraz wykonane z miękkiej i elastycznej tkaniny. Dodatkowo leginsy powinny posiadać odblaskowe elementy zwiększające widoczność po zmroku. Kolor dominujący czarny. Produkt równoważny lub o parametrach nie gorszych niż Asics Legginsy Icon Tigiht 2011B050. .","Rozmiar:         M x 2           L x 2          XL x 1      XXL x 1","szt.",6]
["48.","Koszulka sportowa męska","Kolor preferowany zielony. Materiał koszulki: poliester/nylon. Siateczka: poliester. Koszulka powinna być wykonana w technologii Dri-FIT zapewniając biegaczowi uczucie suchości i wygodę. Wstawka na plecach z elastycznego, tkanego materiału zwiększy swobodę ruchów. Produkt równoważny lub o parametrach nie gorszych niż męska koszulka z krótkim rękawem do biegania Nike Pinnacle Run Division. ","Rozmiar:    M - 2           L - 2          XL - 1       XXL - 1","szt.",6]
["49.","Strój sportowy do koszykówki męski","Strój do koszykówki.Koszulka do koszykówki dwustronna. Lekki materiał. Na plecach koszulek numeracja od 4 do 15 wykanana folią termotransferową Flock w kolorze przeciwnym jak spodenki sportowe. Materiał preferowany 100% poliester.\nGramatura materiału ok. 135g/m2\nKolor preferowany: czarny / biały.                                       Produkt równoważny lub o parametrach nie gorszych niż SPALDING Essential koszulka meczowa dwustronna.              Nr katalogowy: 300202501 / 47529.","Rozmiar:                  L x 6         XL x 6  ","kpl.",12]
["50.","Strój sportowy do siatkówki męski","Strój sportowy męski (komplet) powinien składać się z koszulki z krótkim rękawem (kolor czerwony) oraz krótkich spodenek (kolor czerwony). Spodenki powinny posiadać elastyczny pas z regulowanym ściągaczem. Koszulka z okrągłym dekoltem oraz krótkim rękawem raglanowym. Na plecach koszulek numeracja od 1 do 14 wykanana folią termotransferową Flock w kolorze białym. Strój przeznaczony do piłki siatkowej. Materiał: 100% poliester.  Produkt równoważny lub o parametrach nie gorszych niż Strój sportowy męski Hummel Matching top & shorts set Kod Nr artykułu: 205870-2001.","Rozmiar:     S x 2         M x 5           L  x 5         XL x 2","kpl.",14]
["51.","Element bandy do unihokeja 2 metry","Element wykonany z laminatu poliestrowego zbrojonego, wytrzymały oraz odporny na uderzenia a system łączenia band gwarantuje idealne dopasowanie elementów przy jednoczesnym zachowaniem norm bezpieczeństwa.Produkt równoważny lub o parametrach nie gorszych niż produkt INTERPLASTIC..","200x50x25 cm \n(dł.x wys. x szer.)","szt.",38]
["52.","Element bandy do unihokeja 1 metr","Element wykonany z laminatu poliestrowego zbrojonego, wytrzymały oraz odporny na uderzenia a system łączenia band gwarantuje idealne dopasowanie elementów przy jednoczesnym zachowaniem norm bezpieczeństwa.Produkt równoważny lub o parametrach nie gorszych niż produkt INTERPLASTIC..","100x50x25 cm \n(dł.x wys. x szer.)","szt.",2]
["53.","Element bandy do unihokeja narożny (łuk)","Element wykonany z laminatu poliestrowego zbrojonego, wytrzymały oraz odporny na uderzenia a system łączenia band gwarantuje idealne dopasowanie elementów przy jednoczesnym zachowaniem norm bezpieczeństwa.Produkt równoważny lub o parametrach nie gorszych niż produkt INTERPLASTIC..","150x50x30 cm \n(dł.x wys. x szer.)","szt.",4]
["54.","Wózek do band","Wózek wykonany z stali na czterech kółkach skrętnych z możliwością przewożenia 30 elementów.",null,"szt.",2]
["55.","Stół do tenisa stołowego","Stół do tenisa stołowego powinien składać się z dwóch połówek i osiem kółek. Wykonanie blatu powinno zapewnić większą jednorodność odbicia piłki zarówno przy uderzeniach topspinowych, jak i z rotacją wsteczną. Ograniczy też poślizg piłki i nada pewności gry. Powierzchnia stołu powinna być wzmocniona stalową ramą i zabezpieczeniem rogów stołu. Wypoziomowanie blatu powinno odbywać się za pomocą specjalnych pokręteł regulujących wysokość, umieszczonych na końcach każdej z nóg stołu. Stelaż powinien składać się z dwóch niezależnych połówek, które składają się łatwo i umożliwiają przechowywanie i transport. Dzięki dopasowaniu do siebie dwóch połówek stołu podczas przechowywania oszczędza się dużo miejsca, a stół po złożeniu zajmuje niewiele miejsca. Dodatkowo powinna być możliwość złożenia jednej połówki i rozłożenia drugiej, co umożliwia trening bez partnera do gry. Stół powinien posiadać atest ITTF. \nWymiary po złożeniu około szerokość 1525 mm x wysokość 1630 mm x głębokość 560 mm.\nWaga netto około 118 kg. Kolor preferowany niebieski i zielony wraz z siatką w komplecie. Produkt równoważny lub o parametrach nie gorszych niż stół Butterfly OCTET 25 mm.","Rozmiar: 165 cm 157 cm ","kpl.",1]
["56.","Mata pod ciężary do sportów siłowych","Mata pod ciężary do sportów siłowych pod sprzęt sportowy i do ćwiczeń typ puzzle. Wymiar od zakładki do zakładki: 102,5 cm x 102,5 cm, chroni podłogi przed porysowaniem, redukuje poziom hałasu i tłumi drgania, antypoślizgowa, łatwa w czyszczeniu. Produkt równoważny lub o parametrach nie gorszych niż MATA PROFESJONALNA  GUMOWA PUZZLE | GRUBOŚĆ 15 MM\n","Wymiar odzakładki do zakładki: 102,5 cm x 102,5 cm.          Grubość- 15 mm","kpl.",30]
["57.","Leginsy długie letnie ","Leginsy  biegowe powinny mieć dopasowany krój, dzięki  specyficznej gospodarce wilgocią powinny gwarantować wysoki komfort. leginsy  powinny być regulowane w pasie za pomocą ściągacza oraz wykonane z miękkiej i elastycznej tkaniny. Dodatkowo leginsy powinny posiadać odblaskowe elementy zwiększające widoczność po zmroku. Kolor dominujący czarny. Produkt równoważny lub o parametrach nie gorszych niż Asics Legginsy Icon Tigiht 2011B050. .","XS - 1 kpl (damski) ","komplet",1]
["58.","Obuwie sportowe do biegania","Męskie: Buty sportowe do biegów ulicznych o wadze do 289g, amortyzacja oparta o technologię żelową, podeszwa o zwiekszonej przyczepnosci, cholewka z siateczki, użycie technologi wspierających stabilnosć stopy. NIe gorsze niż: buty asics GT-2000 8 TRAIL. Nr catalogowy 1011A671. ","Męskie:\n 26cm-1x \n26,5cm-3x,\n27cm-2x,\n27,5cm-5x,\n28cm-3x,\n28.5cm-1x,\n29,5cm-1x, \n30cm-1x                      Damskie: \n25,5cm-3x","para",20]
["59.","Koszulka sportowa do BnO","Koszulka beszwowa, z oddychającego materiału, koloru czarnego, odprowadzająca wilgoć, ograniczająca podrażnienia, zapewniająca komfort termiczny, przewiewne strefy ramion i pleców. Produkt równoważny lub o parametrach nie gorszych  niż koszulka do biegania KIPRUN SKINCARE DECATHLON","XS - 1 kpl             (damski) ","szt.",1]
["60.","Dres sportowy do piłki nożnej","Opis bluzy: bluza z kapturem, kieszenie po bokach, przy kaptuże ściągacz, dól bluzy i rękawy zakończone ściągaczem, od środka miły dla ciała materiał, tył bluzy bez napisów, motywów. Opis spodni:bawełniane spodnie, kieszenie po bokach, w pasie ściągacz wraz ze sznurkami, dół spodni zakończony ściągaczem, od środka miły dla ciała materiał. Produkt równoważny lub o parametrach nie gorszych  niż Dres kompletny adidas męski spodnie bluza CORE 18 CV 3327/ CV 3752","M - 3 kpl (męski)\nL - 2 kpl (męski)","komplet",5]
["61.","Koszulka sportowa do piłki nożnej","Koszulka męska: biała, tkanina odprowadzająca wilgoć, krótki rękaw, wykonana z poliestru, dekolt w szpic.  Produkt równoważny lub o parametrach nie gorszych  niż Koszulka męska piłkarska adidas biała kod producenta CE1717","M - 3 szt. (męski)\nL - 2 szt. (męski)","szt.",5]
["62.","Obuwie sportowe do piłki nożnej\nhalowej","Buty przeznaczone do gry na hali, z skórzaną cholewką, wiązane na sznurowadła, kolor czarny.  Produkt równoważny lub o parametrach nie gorszych  niż buty adidas mundial goal nr cat. 019310","27.5cm","para",1]
["63.","Spodenki sportowe do piłki nożnej","Spodenki męskie: kolor czarny, tkanina odprowadzająca wilgoć. Produkt równoważny lub o parametrach nie gorszych  niżk spodenki adidas parma 16 kod: AJ5880","M - 3 szt. (męski)\nL - 2 szt. (męski)","szt.",5]
["64.","Koszulka sportowa do biegania","Standardowy krój, 100% poliester, miękki oddychający materiał, odblaski, kolor czarny lub szary, pochłaniająca wilgoć.  Produkt równoważny lub o parametrach nie gorszych  niż koszulka adidas own the run tee kod:FS9799","S - 1 szt. (damski)\nM - 4 szt.\nL - 1 szt. (damski)\nL - 1 szt. (męski)\nXL - 2 szt.\nXXL - 1 szt.","szt.",10]
["65.","Dres reprezentacyjny/sportowy","Męski: Opis bluzy: kieszenie po bokach, przy kaptuże ściągacz, dól bluzy i rękawy zakończone ściągaczem, od środka miły dla ciała materiał, tył bluzy bez napisów, motywów. Opis spodni:bawełniane spodnie, kieszenie po bokach, w pasie ściągacz wraz ze sznurkami, dół spodni zakończony ściągaczem, od środka miły dla ciała materiał.  Produkt równoważny lub o parametrach nie gorszych  niż  Dres kompletny adidas męski spodnie bluza CORE 18 CV 3327/ CV 3752. ","S - 2 kpl (damski)\nM - 3 kpl\nL - 2 kpl (damski)\nL - 8 kpl (męski)\nXL - 4 kpl\nXXL - 1 kpl","komplet",20]
["66.","Spodenki pływackie","Gładkie szorty do plywania, do stosowania na basenie, odporne na działanie chloru, Talia ze sznurkiem do regulacji zapewniające bezpieczne dopoasowanie.  Produkt równoważny lub o parametrach nie gorszych  niż  Adidas FITNESS SWIM JAMMERS","Rozmiar M","szt.",1]
["67.","Lotka do badmintona","lotka do badmintona z piór.  Produkt równoważny lub o parametrach nie gorszych  niż  lotka FSC960",null,"szt.",30]
["68.","Rakietka do badmintona","Grafitowy shaft połaczony z aluminiową główka. Aluminium/ grafitowy trzonek o balansie ruwnomiernym, bardzo elastyczna.  Produkt równoważny lub o parametrach nie gorszych  niż rakieta babolat first.",null,"szt.",4]
["69.","Torba sportowa","Torba koloru czarnego, pojemność między 20 a 25l, komora górna zamykana na sówak, z kieszenią boczną. Produkt równoważny lub o parametrach nie gorszych  niż   Torba reebok active core grip duffel small GD0033",null,"szt.",5]
["70.","Okulary pływackie","Okulary pływackie cechujące się bardzo szerokim, panoramicznym polem widzenia, bardzo dobrze przylegające, soczewki wykonane z wytrzymałego materiału cechującego się odpornością na zarysowania, posiadające filtr UVA/ UVB oraz powłoke Anti-fog.  Produkt równoważny lub o parametrach nie gorszych  niż AQUA SPHERE KAYENNE",null,"szt.",2]
["71.","Obuwie sportowe do biegania","Specyfikacja:\n– ok. 4 mm drop dla naturalnego ułożenia stopy,\n– wierzch powinien być wykonany z materiałów syntetycznych  oraz siateczki,\n– formowany zapiętek,\n– gumowa podeszwa zewnętrzna,\n– sznurowane zapięcie zapewni stabilizację stopy.\nNajlepiej aby amortyzacja podeszwy buta została wykonana w technologii Abzorb. Wykonanie obuwia z polimeru komponent będzie absorbować oraz rozpraszać energię powstającą przy uderzeniu buta o podłoże. Kolor najlepiej niebieski. Produkt równoważny lub o parametrach nie gorszych niż buty New Balance M520v7 - M520LN7.","44 - 1      44,5 - 2","para",3]
["72.","Leginsy długie letnie","Leginsy męskie w kolorze czarnym mają być wykonane z miękkiego materiału, który odprowadza pot. Mają posiadać: elastyczny pas, płaskie szwy ma być umieszczony nadruk odblaskowy, ukryta kieszonka oraz zamek błyskawiczny w dolnej części nogawek. Produkt równoważny lub o parametrach nie gorszych niż Leginsy męskie ASICS Night Track Tight","Rozmiar             S x 1                   M x 7                 L x 2      "," szt.",10]
["73.","Klapki basenowe ","Klapki mają być  wyposażone w piankę amortyzująca, lekkie.Cechy: Podeszwa z pianki Eva, Wkładka z Phylonu, Wyprofilowana pięta, Kanaliki odprowadzające wodę. Produkt równoważny lub o parametrach nie gorszych niż ARENA KLAPKI MĘSKIE HYDROSOFT IIC75:C79C75:C80C74C75:C78C75:C81C74C75:C78C75:C83C74C75C75:C78","42,5 cm- 2        43 cm- 1          44 cm- 1    ","para",4]
["74.","Buty sportowe damskie","Buty damskie, sznurowane mają być wykonane z materiału syntetycznego i tekstylnego. Cholewka ma siateczkę syntetyczną z perforacjami. Podeszwa z gumy z pianką na zastosowanie w biegach po asfalcie. Element odblaskowy na tylnej części buta. Waga 242g. Produkt równoważny lub o parametrach nie gorszych niż buty NIKE AIR ZOOM PEGASUS 36 kolor.\n","numeracja zostanie określona po wyłonieniu oferenta","para",4]
["75.","Obuwie sportowe do biegania ","Buty do biegania męskie, wodoodporne. Cholewka wykonana z siateczki. Podeszwa z gumy z pianką na zastosowanie w biegach po asfalcie. Element odblaskowy na tylnej części buta. Waga około 284g. Produkt równoważny lub o parametrach nie gorszych niż buty Nike Air Zoom Pegasus 37 \n","numeracja zostanie określona po wyłonieniu oferenta","para ",12]
["76.","Obuwie sportowe","Buty męskie  z białą podeszwą, sznurowane. Cholewka ma być wykonana z materiału syntetycznego. Waga około 280g. Wysokość 12cm. Grubość podeszwy 3,5cm. Produkt równoważny lub o parametrach nie gorszych niż buty Nike VINFLO 7 ","numeracja zostanie określona po wyłonieniu oferenta","para",10]
["77.","Skarpety  sportowe","Skarpetki damskie mają być  pakowane w zestawie 3 par. Wykonane z poliamidu z ściągaczem bez uciskowym na śródstopiu. posiadają płaskie szwy.Produkt równoważny lub o parametrach nie gorszych niż SKARPETKI  TRENINGOWE 4F /trzy pary/","Rozmiar          35-38- 5 kpl            ","kpl",5]
["78.","Skarpety  sportowe","Skarpetki męskie mają być w kolorze biało-czarnym, wykonane z poliamidu z ściągaczem bez uciskowym na śródstopiu. posiadają płaskie szwy. Produkt równoważny lub o parametrach nie gorszych niż SKARPETKI 4 F H4L21-SOM002- 45N","Rozmiar          39-42- 30        43-46- 30           ","para",10]
["79.","Spodnie do biegania","Spodnie męskie w kolorze czarnym mają być wykonane z miękkiego materiału, który odparowywuje wilgoć. Fason spodni zwężany od kolan w dół. Mają posiadać: elastyczny pas wraz ze sznurkowym ściągaczem oraz kieszenie na zamki. Dół spodni ma posiadać zamek oraz od strony zewnętrznej od kolan do zamka ma być umieszczony pasek odblaskowy. Produkt równoważny lub o parametrach nie gorszych niż Męskie spodnie do biegania Nike Phenom","Rozmiar             S x 1                  M x 1                   L x 1      "," szt.",3]
["80.","Bluza do biegania","Bluza męska do biegania wykonana z 95% poliester, 5% elastan. Kolor czerwony. Bluza ma mieć przedłużony tył, podniesiony kołnierz i zamek rozsuwany do połowy. Ma posiadać liczne elementy odblaskowe umiejscowione na ramionach i plecach. Przedłużone rękawy z otworem na kciuk Produkt równoważny lub o parametrach nie gorszych niż bluza termoaktywna 4F H4Z19 BIMD00262S","Rozmiar             S x 1                  M x 1                   L x 1      ","szt.",3]
["81.","koszulka sportowa     ","Koszulka męska w kolorze czerwonym typu polo, materiał 100% bawełna krótki rękaw. Na kołnierzyku oraz rękawach ma posiadać ściągacze, rozpinana na guziki. Produkt równoważny lub o parametrach nie gorszych niż koszulka POLO 4F TSM 007.","Rozmiar             S x 1                   M x 3               ","szt.",4]
["82.","koszulka sportowa     ","Koszulka męska w kolorze niebieskim typu polo, materiał 100% bawełna krótki rękaw. Na kołnierzyku oraz rękawach ma posiadać ściągacze, rozpinana na guziki. Produkt równoważny lub o parametrach nie gorszych niż koszulka POLO 4F TSM 007.","Rozmiar             S x 1                   M x 3               ","szt.",4]
["83.","koszulka sportowa     ","Koszulka damska w kolorze czerwonym  i niebieskim typu polo, materiał 100% bawełna krótki rękaw. Na kołnierzyku oraz rękawach ma posiadać ściągacze, rozpinana na guziki. Produkt równoważny lub o parametrach nie gorszych niż koszulka POLO 4F TSM 007.","Rozmiar :       kolor niebieski             M x 1              kolor czerwony            M x 1               ","szt.",2]
["84.","spodenki ","Spodenki męskie w kolorze czarnym wykonane z poliester 88% i elastan 12% .ściagascz w pasie z wewnętrznym sznurkiem do regulacji. Dwie kieszenie boczne. Produkt równoważny lub o parametrach nie gorszych niż spodenki sportowe męskie 4F SKMF 013","Rozmiar :                   M x 4                    S x 1               ","szt.",4]
["85.","dres sportowy        ","Dres skałdający się z bluzy i spodni. Bluza męska w kolorze niebieskim z kapturem , zamek na całej długości z dwoma kieszeniami w szwach bocznych . Ściagacz w mankietach. Spodnie  w kolorze czarnym z dwoma kieszeniami bocznymi oraz ściągacze w nogawkach oraz sznurek w pasie do regulacji. Materiał BAWEŁNA 80% poliester 20%. Produkt równoważny lub o parametrach nie gorszych niż spodenki sportowe męskie 4F SKMF 013","Rozmiar :                   M x 4                    S x 1               ","kpl",3]
["86.","dres treningowy       ","Bluza męska w kolorze niebieskim z kapturem z dwoma kieszeniami bocznymi . Ściagacz w mankietach. Spodnie  w kolorze czarnym z dwoma kieszeniami bocznymi oraz ściągacze w nogawkach oraz sznurek w pasie do regulacji. Materiał BAWEŁNA 82% poliester 18%. Produkt równoważny lub o parametrach nie gorszych niż dres NIKE PARK 20 HOODIE CW6894 463 /CW6907 451. ","Rozmiar :                   M x 1                    ","kpl",1]
["87.","Obuwie sportowe do biegania na orientacje","Buty do biegania męskie.Mają to być klasyczne buty do biegania , zapewniające doskonałą przyczepność na mikkim mokrym terenie , posiadać dobrą przyczepność i ochronę na szlakach w górach i torach przeszkód.Mają posiadać szpilki wbijające się w miękkie połorze a także trzymające się mocno na twardy podłożu, waga około 250g. Produkt równoważny lub o parametrach nie gorszych niż buty INOV 8 X 212 TRAIL RUNNING SHOES. \n","numeracja zostanie określona po wyłonieniu oferenta","para ",5]
["88.","Stoper\n","stoper powinien zawierać elektroniczny kwarcowy czasomierz - zegar, cyfrowy wyświetlacz, pamięć min 60 \n• pomiar lub odliczanie do 10 godzin \n• głośny sygnał akustyczny \n• nieskończona ilość zatrzymań biegu czasu \n• przyciski i wnętrze hermetyczne i wodoodporne, odporne na chemię basenową, zawierać baterię CR2032 i instrukcję. Produkt równoważny lub o parametrach nie gorszych niż Stoper sportowy MULTISTAR\n","\n","szt.",2]
["89.","Mata pod ciężary do sportów siłowych","Mata pod ciężary do sportów siłowych pod sprzęt sportowy i do ćwiczeń typ puzzle. Wymiar od zakładki do zakładki: 102,5 cm x 102,5 cm, chroni podłogi przed porysowaniem, redukuje poziom hałasu i tłumi drgania, antypoślizgowa, łatwa w czyszczeniu. Produkt równoważny lub o parametrach nie gorszych niż MATA PROFESJONALNA  GUMOWA PUZZLE | GRUBOŚĆ 15 MM\n","Wymiar od zakładki do zakładki: 102,5 cm x 102,5 cm.          Grubość- 15 mm","szt.",35]
["90.","Piłka do koszykówki ","Piłka koszykowa profejsonalna wykonana z najwyższej jakości skóry naturalnej PREMIUM. Ilość paneli: 12  Dętka: butylowa posiadająca atest- FIBA Approved. Produkt równoważny lub o parametrach nie gorszych niż Piłka do koszykówki Molten BG5000",null,"szt.",1]
["91.","Rakieta do badmintona\n ","Rakieta do badmintona w technologii Power Frame System która zapewnia maksymalną precyzję i powtarzalność udrzeń. W tradycyjnych ramach struny pionowe i poziome mają różną długość, natomiast w rakietach z systemem Power Frame struny są równe dzięki czemu został zwiększony \"sweetspot\". Flex: średnio elastyczna. Waga: 98 gram. Materiał: grafit/aluminium.  Produkt równoważny lub o parametrach nie gorszych niż Babolat Satelite Gravity 78","Waga: 98 gram","szt.",2]
["92.","Gwizdek","Oficjalny gwizdek sędziowski. Model ten przeznaczony jest do sędziowania sportów wodnych, generuje ostry, głośny dźwięk. W komplecie znajduje się sznurek do gwizdka. Produkt równoważny lub o parametrach nie gorszych niż Gwizdek sędziowski MOLTEN Dolfin","zdek","szt.",1]
["93.","Stojak na obciążenia pięciopoziomowy ","Stojak u maksymalnym udźwigu 500kg, prudukt  który posiada 10 uchwytów. Produkt równoważny lub o parametrach nie gorszych niż Stojak na ciężary KELTON HS6","wys 120cm, szerkość 45x50cm ","szt.",1]
["94.","kask rowerowy","kolor czarno-czerwony-srebrny, wykonany w nowoczesnej technologii inmould . Wyposażony w wyjmowaną wyściółkę,  Wewnętrzna warstwa z pianki EPS . System IAS pozwala na optymalną regulację kasku . Zamek blokujący Monomatic pozwala na wielostopniową regulację. Produkt równoważny lub o parametrach nie gorszych niż Kask UVEX Air Wing","rozmiar głowy          M 52-57","szt.",1]
["95.","Gryf olimpijski prosty","Gryf który wytrzyma ciężar o wadze 320 kg, oraz redłowane uchwyty, gryf posiada zaciski sprężynowe. Produkt równoważny lub o parametrach nie gorszych niż Gryf olimpijski prosty fi 50 mm Kelton","olimpijski prosty","szt.",1]
["96.","Zaciski różne ","Zacisk szczękowy służący do utrzymania obiążenia na gryfie, materia aluminim  część wewnętrzna gumowa Produkt równoważny lub o parametrach nie gorszych niż Zacisk Lock Jaw HMS 2","fi 51,5 mm ","szt.",4]
["97.","Okładzina do tenisa","Kolor czerwony. Okładzina składająca się z podkładu wyprodukowanego w oparciu o najnowszą technologię Spring Sponge i warstwę zewnętrzną o unikalnych właściwościach High Tension. Szybkość (w skali od 0 do 14) – 13. Rotacja (w skali od 0 do 12) - 11,5. Styl gry: mocny atak rotacyjny.Grubość  podkładu 2,1 mm.  Produkt równoważny lub o parametrach nie gorszych niż Butterfly Tenergy 05. ","Grubość podładu 2,1mm kolor-czerwony","szt.",1]
["98.","Okładzina do tenisa","Kolor czarny. Okładzina składająca się z podkładu wyprodukowanego w oparciu o najnowszą technologię Spring Sponge i warstwę zewnętrzną o unikalnych właściwościach High Tension. Szybkość (w skali od 0 do 14) – 13. Rotacja (w skali od 0 do 12) - 11,5. Styl gry: mocny atak rotacyjny.Grubość  podkładu 2,1 mm.  Produkt równoważny lub o parametrach nie gorszych niż Butterfly Tenergy 05. ","Grubość podładu 2,1mm kolor-czarny","szt.",1]
["99.","Okładzina do tenisa","Okładzina składająca się z podkładu wyprodukowanego w oparciu o najnowszą technologię Spring Sponge i warstwę zewnętrzną o unikalnych właściwościach High Tension. Szybkość (w skali od 0 do 14) – 13. Rotacja (w skali od 0 do 12) - 11,5. Styl gry: mocny atak rotacyjny.  Grubość  podkładu 2,1 mm.  Produkt równoważny lub o parametrach nie gorszych niż Butterfly TIMO BOLL ALC","Grubość podkładu-2,1mm kolor-czarny","szt.",1]
["100.","Okładzina do tenisa","Okładzina składająca się z podkładu wyprodukowanego w oparciu o najnowszą technologię Spring Sponge i warstwę zewnętrzną o unikalnych właściwościach High Tension. Szybkość (w skali od 0 do 14) – 13. Rotacja (w skali od 0 do 12) - 11,5. Styl gry: mocny atak rotacyjny.. Grubość  podkładu 2,1 mm.  Produkt równoważny lub o parametrach nie gorszych niż Butterfly Tenergy 64 ","Grubość podkładu-2,1mm kolor-czerwony","szt.",1]
["101.","Stanowisko sędziowskie do siatkówki z regulacją wysokosci podestu, oparciem i podstawką z osłoną.","Stanowisko wykonane z rur stalowych malowanych proszkowo.Stopniowa regulacja wysokości. W zestawie z osłoną stan.wiska sędziowskiego z materiału PCV, mocowana na rzepy (W komplecie lewa i prawa osłona (kpl.)). Produkt równoważny lub o parametrach nie gorszych niż Romi Sport.\n","Stanowisko:kolor: niebieski      Wymiary: wysokość 230cm, szerokość 60cm, głębokość 60cm Osłona: kolor żółty; wys 200cm, szer. 75cm, gr. 5cm","szt.",1]
["102.","Siatka do siatkówki z taśmą boczną na antenke i z antenką","Kolor: żółty. Siatka wysokiej jakości - gruba, wytrzymała, wykonana z PCV - odporna na warunki atmosferyczne. Siatka wykonana ze sznurka polipropylenowego o grubości 4 mm; Krawędzie siatki obszyte taśmą PCV (odporną na deszcz i inne warunki atmosferyczne), u góry obszycie o szerokości 7 cm, z boków i na dole o szerokości 5 cm; Naciągi: górny - linka stalowa o grubości 4 mm (możliwość naciągu na profesjonalnych słupkach); dolny: linka polipropylenowa o grubości 6 mm oraz cztery naciągi w każdym z rogów ze sznurka polipropylenowego o grubości fi4; Wielkość oczek: 10 x 10 cm; Rozmiar: 8,5 x 1 m;  Produkt równoważny lub o parametrach nie gorszych niż Romi Sport.","kolor: żółty      rozmiar: 8,5x1m","kpl.",1]
["103.","Linie do piłki plażowej","Kolor: żółty,mocowane na szpilki metalowe. Szerokość taśmy: 5 cm, długość taśmy zabezpieczające boisko o wymiarach 16x8 m. Produkt równoważny lub o parametrach nie gorszych niż Romi Sport.","kolor: żółty        wymiar :16x8m    szerokość: 5 cm","kpl.",1]
["104.","Program do obsługi Sportident","Program do organizacji zawodów sportowych do 150 zawodników oraz rozszerzenie programu o mozliwość organizowania zawodów etapowych max 6. Produkt równoważny lub o parametrach nie gorszych niż ZAZU SPORTS OE 2010 ver.11 do OE 2010.","obsługi Sportident","szt.",1]
["105.","Uchwyt Sportident","Podstawa do mocowania stacji Sportident BSF na stojaku do BnO wykonana z plastiku. Wykonany zgodnie z normami IOF. Produkt równoważny lub o parametrach nie gorszych niż ZAZU SPORTS Podstawka- mocowanie SI BSF8","Uchwyt Sportident","szt.",3]
["106.","Kompas na palec do bno","Kompas posiada skalę co 1 cm, kapsuła odsunieta od brzegu 7 mm, pomarańczowa igła. Wersja na lewą rękę. Produkt równoważny lub o parametrach nie gorszych niż ZAZU SPORTS Frenson Elite Racing Lite","wymiary:                9,5 x 7 x 2 cm              waga w opakowaniu: 29g","szt.",25]
["107.","Zestaw treningowy  z drukarką  Sportident","Mobilny zestaw . Znakomite uzupełnienie dla posiadanego sprzętu, aby być w stanie zorganizować trening/zawody w każdych warunkach.Zestaw składa się z:drukarka SI-Print do wydruku międzyczasów/mini-wyników,stacja BSM-8USB,Aplikacja SPORTident O-App na urządzenia z Androidem,2 kable do podłączenia stacji USB do różnych portów urządzeń mobilnych (mikro-USB, USB-C). Aplikacja pozwala na:tworzenie bazy danych zawodników,wgranie map prosto z OCAD2018 w celu analizy międzyczasów,wyniki w trybie online,analiza międzyczasów. Produkt równoważny lub o parametrach nie gorszych niż ZAZU SPORTS Zestaw mobilny 0-App","drukarką  Sportident","szt.",1]
["108.","Okulary pływackie    ","Okulary zawodnicze o niskim bocznym profilu, zapewniające szeroki kąt widzenia. Uszczelki silikonowe Podwójna, silikonowa gumka System 3 wymiennych nosków o różnych długościach, soczewki lustrzane, system anti fog, technologia forward vision Od zewnątrz filtr UV. Soczewki pokryte warstwą metaliczną , podwójny pasek . Produkt równoważny lub o parametrach nie gorszych niż  ARENA Cobra Ultra Mirror yellow","komisja egzaminacyjna /","szt",1]
["109.","Okulary pływackie ","Okulary zawodnicze o niskim bocznym profilu, zapewniające szeroki kąt widzenia. Materiał soczewek poliwenglan, materiał uszczelek: Japanese TPE. Specjalne wyprofilowanie soczewek (wykonane z polikarbonu) . Uszczelki silikonowe Podwójna, silikonowa gumka System 3 wymiennych nosków o różnych długościach, soczewki lustrzane, system  swipe anti fog, technologia forward vision Od zewnątrz filtr UV. Soczewki pokryte warstwą metaliczną , podwójny pasek . Produkt równoważny lub o parametrach nie gorszych niż  ARENA Cobra Ultra SWIPE","Okulary pływackie","szt",1]
["110.","Obuwie sportowe do biegania ","Buty do biegania męskie. Kolor czarno-białe, wodoodporne. Cholewka wykonana z siateczki. Podeszwa z gumy z pianką na zastosowanie w biegach po asfalcie. Element odblaskowy na tylnej części buta. Waga 284g. Produkt równoważny lub o parametrach nie gorszych niż buty Nike Air Zoom Pegasus 37 \n","Rozmiary:        41 cm- 1                  42,5 cm- 2        43 cm- 2          43,5 cm- 2         44 cm- 1          45 cm- 2        45,5 cm- 1         ","para ",11]
["111.","Bluza do biegania","Bluza męska do biegania wykonana z 95% poliester, 5% elastan. Kolor czerwony. Bluza ma mieć przedłużony tył, podniesiony kołnierz i zamek rozsuwany do połowy. Ma posiadać liczne elementy odblaskowe umiejscowione na ramionach i plecach. Przedłużone rękawy z otworem na kciuk Produkt równoważny lub o parametrach nie gorszych niż bluza termoaktywna 4F H4Z19 BIMD00262S","Rozmiar             S x 1                  M x 4                   L x 3               XL x 2 ","szt.",10]
["112.","spodenki sportowe do biegania ","spodenki sporowe do biegania. Mająto być toszybkoschnące,wewnętrzne spodenkii tali wykonanna z miękkej oddychającej siatki, tylna kieszeń na zamek, odblaskowe elementy zwiększającewidoczność spodenki.Produkt równoważny lub o parametrach nie gorszych niż spodenki asics fujitrail short","L","szt",1]
["113.","spodnie do biegania ","Męskie spodnie do biegania Mają posiadac dopasowany krój, posiadać troczki w pasie zapewniająve lepsze dopasowanie, kieszenie z przodu, odblaskowe paski.Produkt równoważny lub o parametrach nie gorszych niż spodnie asics RACE PANT","L","szt",1]
["114.","leginsy do biegania ","Męskie legnsy do biegania. Legnsy mają mięć płaskie szwy co ma zapobiegaś otarciom , elastyczny pas , w nogawkach u dołu mają posiadac zamki ułatwiające zakładanie, odblaski , ocieplany materiał na zimęoraz posiadać ukrytą kieszeń.Produkt równoważny lub o parametrach nie gorszych niż spodenki asics LITE - SHOW 2 WINTER TIGHT ","Mx1         Lx2        XLx1","szt.",4]
["115.","Obuwie sportowe do biegania ","Buty do biegania męskie. Kolor preferowany niebieski. Cholewka wykonana z siateczki ma posiadać podeszwę elastyczną służącą naturalnemu odbiciu podczs biegu. Podeszwa z gumy lub pianki co ma mieć  zastosowanie w biegach po asfalcie. Element odblaskowy. Waga około  309 g. Produkt równoważny lub o parametrach nie gorszych niż buty asics żel  kayano 27\n","numeracja zostanie określona po wyłonieniu oferenta","para ",7]
["116.","spodenki do tenis ziemnego ","spodenki do tenisa ziemnego szeroki i elastyczny materiał w pasie wraz ze ściągaczem co pozwoli idealnie dopasować, dwie kieszenie boczne zapinane na zamek, spodenki  mają być wykonane z oddychającego materiału, kolor czarny Produkt równoważny lub o parametrach nie gorszych niż spodenki Tiro Sweat czarne GM7345 H","M - 2          L-2","szt",4]
["117.","koszulka do tenisa ziemnego polo","koszulka z przeznaczeniem do gry w tenisa ziemnego , krótki rękaw, zapinana pod szyję, wzór gładki, długośc standartow, dopasowanie regular-fi. Skład materiału mieszanka bawełn, kolor szary. Produkt równoważny lub o parametrach nie gorszych koszulka polo Tiro 19 Co.","M - 2          L-2","szt",4]
["118.","koszulka do tenisa ziemnego polo","koszulka z przeznaczeniem do gry w tenisa ziemnego , krótki rękaw, zapinana pod szyję, wzór gładki, długośc standartow, dopasowanie regular-fi. Skład materiału mieszanka bawełn, kolor granatowy. Produkt równoważny lub o parametrach nie gorszych koszulka polo Tiro 19 Co.","M - 1          L-1","szt",2]
["119.","skarpety sportowe ","Skarpety sportowe. Mają być przystosowane do każdego rodzaju trningu, skutecznie odprowadzać wilgoć, mają posiadać amortyzacyjne wstawki. Kolor czarny, biał,żółty, Produkt równoważny lub o parametrach nie gorszych asics  2ppk cushioning sock.","Rozmiar:      42-46","para ",20]
["120.","bluza do biegania ","Bluza do biegania ma być elastyczna wodoodporna  ma chronić przed niekorzystnnymi warunkami armosferucznymi oraz ma posiadać kaptur i elemęty odblaskowe, kolor czerono szary.Produkt równoważny lub o parametrach nie gorszych niż Salomon agile  ","Lx4        Mx1",null,5]
["121.","czapka  do biegania ","czapka do biegania ma sprawdzić się w chłodniejsze dni , zakrywająca uszy ma posiadać materiał dla większej oddychalności i słyszalności. Produkt równoważny lub o parametrach nie gorszych asics THERMALN BEANIE",null,"szt.",3]
["122.","plecak sportowy","Plecak wielofunkcyjny z wytrzymałego materiału, ma posiadac kieszeń na napój, wmocnione uchwyty, odblaski,wiele kieszeni . Wymiary około 50X32X24, waga 1,09 kg .Produkt równoważny lub o parametrach nie gorszych niż plecak RUIBER na laptopa 17,",null,"szt. ",1]
["123.","Tyczka treningowa z podstawą","Wykonany z materiału PCV z tyczką  o wysokości 160cm, na podstawie  o  szerokości 19 cm i wysokości 5cm możliwośc obciązenie podstawy piaskiem lub wodą. Produkt równoważny lub o parametrach nie gorszych  niż  firmy colo",null,"szt.",10]
["124.","Okładzina do tenisa stołowego","Okładzina  do gry o wysokiej rotacji. Twardość według skali Shore’a powinna wynosić około 32, co umożliwi znacznie bardziej dynamiczną grę z nieco lepszą dokładnością, szybkością i rotacją.   \nRodzaj preferowany:\t gładka.\nRotacja ok. \t11.5\nSzybkość ok. \t13.0                                                             Grubość podkładu 2.1                                                                                       Produkt równoważny lub o parametrach nie gorszych niż okładzina Orthodox linii Tenergy 05 FX.","Kolor:             1 czarna,    1 czerwona","szt.",2]
["125.","Piłka futsalowa","Piłka halowa-futsal najlepiej wykonana z elastycznych włókien poliuretanowych. Szyta ręcznie, rozmiar 4 (obwód 62 - 64 cm), waga: 400-440 g specjalna dętka butylowa dająca  przytłumione odbicie, łatwa do kontrolowania. Kolor preferowany: Biel, Niebieski, Seledynowy.\nProdukt równoważny lub o parametrach nie gorszych niż: Select pilka halowa SELECT FUTSAL SUPER FIFA 18 r.4.","Rozmiar: 4","szt.",2]
["126.","Piłka do siatkówki","Piłka siatkowa (meczowa), powinna posiadać system podwójnych mikro-wgłębień oraz zmniejszoną liczbę paneli, co przekłada się na większą stabilność lotu w powietrzu po zagraniu oraz lepszą przyczepność piłki do dłoni. Zwiększona miękkość pozwala na zdecydowanie większą kontrolę nad przyjęciem podania oraz znacząco ułatwia rozgrywanie akcji w defensywie. Rozmiar piłki: 5. Waga: 260-280 g. Obwód: 65-67.\nMateriał wykonania: skóra syntetyczna. Kolor: niebiesko-żółty. Produkt równoważny lub o parametrach nie gorszych niż piłka meczowa Mikasa MVA 200 FIVB.","Rozmiar: 5","szt.",3]
["127.","Lotki do badmintona","Lotki do badmintona z przeznaczeniem do treningu. Preferowane wykonanie: pióra gęsie. Prędkość: 78.          Produkt równoważny lub o parametrach nie gorszych niż lotki piórowe Li-Ning A60. "," ","opak       (15 szt.)",7]
["128.","piłka do tenisa ziemnego","Piłka do tenisa ziemnego.Ma to być piłka ciśnieniowa która ma zapewnić doskonałe czucie podczas gry technologia piłki ma uniemozliwić utratę powietrza z wnętrza piłki, oraz ma zawierać takie walory żeby odbijała się przewidywalnie. Produkt równoważny lub o parametrach nie gorszych niż Wilson                                                                                                                                                                                                                                                                                                                                                                                                                                                                                                                                                                                                                                                                                                                                                                                                                                                                                                                                                                                                                                                                                                                                                                                                                                                                                                                                                                                                                                                                                                                                                                                                                                                                                                                                                                                                                                                                                                                                                                                                                                                                                      championship",null,"opak       (4 szt.)",50]
["129.","plecak sportowy","Plecak wielofunkcyjny z wytrzymałego materiału, ma posiadac kieszeń na napój, wmocnione uchwyty, odblaski,wiele kieszeni . Wymiary około 50X32X24, waga 1,09 kg .Produkt równoważny lub o parametrach nie gorszych niż plecak RUIBER na laptopa 17,",null,"szt. ",1]
["130.","Stoper\n","stoper powinien zawierać elektroniczny kwarcowy czasomierz - zegar, cyfrowy wyświetlacz, pamięć min 60 \n• pomiar lub odliczanie do 10 godzin \n• głośny sygnał akustyczny \n• nieskończona ilość zatrzymań biegu czasu \n• przyciski i wnętrze hermetyczne i wodoodporne, odporne na chemię basenową, zawierać baterię CR2032 i instrukcję. Produkt równoważny lub o parametrach nie gorszych niż Stoper sportowy MULTISTAR\n",null,"szt.",1]
["131.","Piłeczka do tenisa stołowego ","Piłeczki treningowe.Kolor: białe. Produkt równoważny lub o parametrach nie gorszych niż piłki double circle. .",null,"szt.",200]
["132.","zegarek sporowy","Zegarek sportowy męski powinien posiadać wbudowany odbiornik GPS oraz czujnik tętna. Przeznaczenie zegarka to: bieganie, pływanie, jazda na rowerze, siłownia, triathlon i duathlon. Powinien także posiadać takie funkcje jak: kompas, krokomierz, lokalizator GPS, monitor snu, spalone kalorie,kalendarz, oktualizacja  czasu przez GPS, Bluetooth. Wodoodporność do 100 metrów. Właściwości: Szerokość ekranu 51,00 mm. grubość kopoerty 14,90 mm, typ paska silikonowy( drugi pasek zapasowy w kolorze czerwonym), ma działać do 21 dni w trybie zegarka do 120 godzin GPS.Koperta wykonana z polimeru wzmocnionego włóknem szklanym, kolorowy wyświetlacz przykryty szkiłkiem Power Glass.\n Produkt równoważny lub o parametrach nie gorszych niż Zegarek męski Garmin Fenix 6X Pro solar.\n",null,"szt",1]